Pokémon - Table des noms - Statistiques

Statistiques générales
  • Ce quiz a été pris 336 fois
    184 depuis la dernière actualisation
  • Le résultat moyen est 266 sur 534
Statistiques - réponses
Commence par Contient Noms Solution % Correct
A A Arceus, Artikodin, Amonistar, Azurill, Altaria, Apireine, Aflamanoir, Arcanin, Abo, Archéduc, Aéroptéryx, Amassel, Amphinobi, Araqua, Arboliva, Ampibidou, Arbok, Aspicot, Archéodong, Arcko, Arrozard, Amovénus, Anorith, Aquali, Akwakwak, Astronelle, Axoloto, Aéromite, Amagara, Angoliath, Armaldo, Ama-Ama, Argouste, Avaltout, Aligatueur, Arakdo, Alakazam, Abra, Airmure, Archéomire, Apitrini, Anchwatt, Amonita, Armulys, Arkéapti, Absol, Azumarill
95%
P P Pondralugon, Pachirisu, Poissirène, Piclairon, Papilusion, Pijako, Pâtachiot, Pérégrain, Poissoroy, Prinplouf, Parécool, Pierroteknik, Polarhume, Pimito, Ptéra, Polichombr, Passerouge, Palarticho, Poulpaf, Pohmotte, Ptyranidur, Ptiravi, Pomdepik, Phanpy, Pyronille, Porygon, Pomdramour, Parasect, Pohmarmotte, Papilord, Prédastérie, Piétacé, Psykokwak, Prismillon, Piafabec, Palkia, Pashmilla, Pandarbare, Pomdrapi, Plumeline, Paras, Psystigri, Pachyradjah, Pyrobut, Pelage-Sablé, Porygon-Z, Pyrax, Poltchageist, Pyroli, Pomdorochi, Paume-de-Fer, Phione, Poussifeu, Posipi, Picassaut, Pandespiègle, Pohm, Pingoléon, Palmaval, Ponyta, Pikachu, Poussacha, Phogleur, Persian, Phyllali, Paragruel, Pifeuil, Pichu, Ptitard, Ponchien, Pêchaminus, Poichigeon, Porygon2, Papinox, Pitrouille, Polthégeist, Ponchiot, Polagriffe, Pharamp
92%
P I Pingoléon, Prismillon, Piafabec, Palkia, Pachirisu, Pashmilla, Poissirène, Ptiravi, Ptyranidur, Pomdrapi, Pikachu, Plumeline, Persian, Pomdepik, Psystigri, Piclairon, Phyllali, Pyronille, Papilusion, Pifeuil, Pijako, Pâtachiot, Pichu, Pérégrain, Poltchageist, Ptitard, Poissoroy, Prinplouf, Ponchien, Pyroli, Pomdorochi, Pêchaminus, Poichigeon, Pierroteknik, Papinox, Papilord, Phione, Prédastérie, Poussifeu, Pitrouille, Ponchiot, Polthégeist, Posipi, Pimito, Palarticho, Polichombr, Polagriffe, Picassaut, Piétacé, Pandespiègle
91%
P A Psykokwak, Pondralugon, Palmaval, Piafabec, Palkia, Pachirisu, Pashmilla, Pandarbare, Ptiravi, Ptyranidur, Pomdrapi, Ponyta, Pikachu, Poussacha, Paras, Persian, Piclairon, Pachyradjah, Phyllali, Phanpy, Paragruel, Papilusion, Pijako, Pelage-Sablé, Pâtachiot, Pyrax, Pomdramour, Pérégrain, Poltchageist, Parasect, Ptitard, Pohmarmotte, Pêchaminus, Paume-de-Fer, Parécool, Papinox, Papilord, Prédastérie, Polarhume, Ptéra, Polagriffe, Passerouge, Palarticho, Picassaut, Piétacé, Poulpaf, Pharamp, Pandespiègle
90%
P H Pohm, Pohmotte, Pachirisu, Pashmilla, Pikachu, Poussacha, Phogleur, Pachyradjah, Phyllali, Phanpy, Pâtachiot, Pichu, Poltchageist, Pohmarmotte, Ponchien, Pêchaminus, Pomdorochi, Poichigeon, Phione, Polarhume, Polthégeist, Ponchiot, Palarticho, Polichombr, Pharamp
89%
P U Pondralugon, Pachirisu, Ptyranidur, Pikachu, Plumeline, Poussacha, Phogleur, Paragruel, Papilusion, Pifeuil, Pyrobut, Pichu, Pomdramour, Prinplouf, Pêchaminus, Paume-de-Fer, Polarhume, Poussifeu, Pitrouille, Passerouge, Picassaut, Poulpaf
89%
A R Arceus, Artikodin, Amonistar, Azurill, Altaria, Apireine, Aflamanoir, Arcanin, Archéduc, Aéroptéryx, Araqua, Arboliva, Arbok, Archéodong, Arcko, Arrozard, Anorith, Astronelle, Aéromite, Amagara, Armaldo, Argouste, Aligatueur, Arakdo, Abra, Airmure, Archéomire, Apitrini, Armulys, Arkéapti, Azumarill
87%
B B Barbicha, Baojian, Balbalèze, Brindibou, Banshitrouye, Bulbizarre, Bourrinos, Bargantua, Batracné, Briochien, Branette, Babimanta, Balbuto, Bruyverne, Boréas, Brutalibré, Badabouin, Boumata, Boguérisse, Bouldeneu, Boskara, Blindépique, Bombydou, Berserkatt, Baudrive, Bébécaille, Boustiflor, Baggiguane, Barloche, Blizzeval, Bekipan, Bacabouh, Brutapode, Bazoucan, Bérasca, Bétochef, Brocélôme, Braisillon, Beldeneige, Bleuseille, Bamboiselle, Baggaïd, Bekaglaçon, Blancoton, Bastiodon, Blizzi, Bibichut, Braségali, Brouhabam, Barpau, Balignon, Blizzaroi, Blindalys
86%
P C Piafabec, Pachirisu, Pikachu, Poussacha, Piclairon, Pachyradjah, Pâtachiot, Pichu, Poltchageist, Parasect, Ponchien, Pêchaminus, Pomdorochi, Poichigeon, Parécool, Ponchiot, Palarticho, Polichombr, Picassaut, Piétacé
86%
B A Barbicha, Baojian, Balbalèze, Banshitrouye, Bulbizarre, Bargantua, Batracné, Branette, Babimanta, Balbuto, Boréas, Brutalibré, Badabouin, Boumata, Boskara, Berserkatt, Baudrive, Bébécaille, Baggiguane, Barloche, Blizzeval, Bekipan, Bacabouh, Brutapode, Bazoucan, Bérasca, Braisillon, Bamboiselle, Baggaïd, Bekaglaçon, Blancoton, Bastiodon, Braségali, Brouhabam, Barpau, Balignon, Blizzaroi, Blindalys
85%
C C Caninos, Créfadet, Chovsourir, Chenipotte, Charbi, Coatox, Cacturne, Charpenti, Crabicoque, Chétiflor, Charbambin, Cliticlic, Chrysapile, Chef-de-Fer, Créhelf, Cosmovum, Croquine, Crocogril, Corayôme, Carmadura, Candine, Crabagarre, Chochodile, Crocrodil, Cryptéro, Carapagos, Chacripan, Crocorible, Cocotine, Cizayox, Charibari, Craparoi, Ceriflor, Charmillon, Chapignon, Cerbyllin, Coquiperl, Cheniselle, Colossinge, Cochignon, Castorno, Cobaltium, Cléopsytra, Cacnea, Coxyclaque, Capumain, Cadoizo, Compagnol, Caratroc, Carmache, Charmina, Chlorobule, Carvanha, Chinchidou, Clamiral, Cornèbre, Couafarel, Colimucus, Chamallot, Coupenotte, Coléodôme, Crapustule, Coudlangue, Clic, Corboss, Colhomard, Chaffreux, Crikzik, Cosmog, Câblifère, Corayon, Cupcanaille, Crabominable, Charmilly, Cradopaud, Chrysacier, Chenipan, Chelours, Carabing, Chartor, Coxy, Couaneton, Cryodo, Cerfrousse, Charkos, Cheniti, Chevroum, Chaglam, Chongjian, Carapuce, Cresselia, Canarticho, Chimpenfeu, Crèmy, Carchacrok, Cancrelove, Cotovol, Corvaillus, Chuchmur, Créfollet, Carabaffe, Ceribou, Coconfort, Croâporal, Couverdure, Colombeau, Concombaffe, Camérupt, Canarbello, Courrousinge, Crustabri, Crabaraque, Capidextre, Cabriolaine, Coiffeton, Celebi, Chapotus
85%
D D Dunaja, Draby, Déflaisan, Dracaufeu, Darkrai, Drackhaus, Draïeul, Dispareptil, Donphan, Debugant, Doudouvet, Draco, Dratatin, Duralugon, Démétéros, Diamat, Dunaconda, Démanta, Délestin, Dodoala, Darumarond, Drattak, Dimoclès, Dardargnan, Drakkarmin, Darumacho, Deoxys, Dragmara, Dialga, Dedenne, Drascore, Doduo, Démolosse, Delcatty, Dolman, Diancie, Denticrisse, Dimoret, Desséliande, Dodrio, Dofin, Deusolourdo, Dracolosse, Dinoclier, Dogrino, Dynavolt, Dinglu
85%
P K Pierroteknik, Pomdepik, Psykokwak, Pijako, Palkia, Pikachu
85%
C A Carapuce, Caninos, Créfadet, Cresselia, Clamiral, Charibari, Charbi, Craparoi, Couafarel, Coatox, Canarticho, Charmillon, Chamallot, Carchacrok, Cacturne, Cancrelove, Chapignon, Crapustule, Charpenti, Crabicoque, Corvaillus, Coudlangue, Carabaffe, Charbambin, Chrysapile, Croâporal, Colhomard, Castorno, Chaffreux, Câblifère, Colombeau, Cobaltium, Corayon, Cléopsytra, Cupcanaille, Cacnea, Crabominable, Charmilly, Coxyclaque, Cradopaud, Concombaffe, Chrysacier, Capumain, Cadoizo, Camérupt, Chenipan, Compagnol, Corayôme, Canarbello, Carabing, Carmadura, Candine, Crabagarre, Caratroc, Chartor, Crustabri, Carmache, Crabaraque, Carapagos, Capidextre, Chacripan, Couaneton, Cabriolaine, Charmina, Charkos, Chapotus, Carvanha, Cizayox, Chongjian, Chaglam
84%
D A Dunaja, Draby, Déflaisan, Dracaufeu, Darkrai, Drackhaus, Draïeul, Dispareptil, Donphan, Debugant, Draco, Dratatin, Duralugon, Diamat, Dunaconda, Démanta, Dodoala, Darumarond, Drattak, Drakkarmin, Dardargnan, Darumacho, Dragmara, Dialga, Drascore, Delcatty, Dolman, Diancie, Desséliande, Dracolosse, Dynavolt
84%
B I Barbicha, Baojian, Brindibou, Banshitrouye, Bulbizarre, Bourrinos, Briochien, Babimanta, Brutalibré, Badabouin, Boguérisse, Blindépique, Baudrive, Bébécaille, Boustiflor, Baggiguane, Blizzeval, Bekipan, Braisillon, Beldeneige, Bleuseille, Bamboiselle, Balignon, Bastiodon, Blizzi, Bibichut, Braségali, Baggaïd, Blizzaroi, Blindalys
83%
B L Balbalèze, Bulbizarre, Balbuto, Brutalibré, Bouldeneu, Blindépique, Bébécaille, Boustiflor, Barloche, Blizzeval, Brocélôme, Braisillon, Beldeneige, Bleuseille, Bamboiselle, Bekaglaçon, Blancoton, Blizzi, Braségali, Balignon, Blizzaroi, Blindalys
83%
B U Brindibou, Banshitrouye, Bulbizarre, Bourrinos, Bargantua, Balbuto, Bruyverne, Brutalibré, Badabouin, Boumata, Boguérisse, Bouldeneu, Bombydou, Blindépique, Baudrive, Boustiflor, Baggiguane, Bacabouh, Brutapode, Bazoucan, Bleuseille, Bibichut, Brouhabam, Barpau
83%
C R Carapuce, Créfadet, Cresselia, Clamiral, Cornèbre, Chovsourir, Charbi, Charibari, Craparoi, Ceriflor, Couafarel, Canarticho, Charmillon, Crèmy, Carchacrok, Cacturne, Cancrelove, Crapustule, Corvaillus, Charpenti, Chuchmur, Créfollet, Crabicoque, Cerbyllin, Coquiperl, Carabaffe, Chétiflor, Ceribou, Charbambin, Coconfort, Corboss, Chrysapile, Croâporal, Colhomard, Couverdure, Castorno, Chaffreux, Créhelf, Chef-de-Fer, Crikzik, Câblifère, Corayon, Cléopsytra, Crabominable, Croquine, Charmilly, Crocogril, Cradopaud, Chrysacier, Camérupt, Chelours, Corayôme, Canarbello, Carabing, Carmadura, Courrousinge, Crabagarre, Caratroc, Chartor, Crocrodil, Crustabri, Carmache, Crabaraque, Cryptéro, Capidextre, Chacripan, Crocorible, Carapagos, Cabriolaine, Cryodo, Charmina, Cerfrousse, Charkos, Chlorobule, Carvanha, Chevroum
83%
S S Sabelette, Solochi, Sorbouboul, Salarsen, Sylveroy, Strassie, Smogo, Statitik, Scarhino, Sarmuraï, Saquedeneu, Séviper, Shaymin, Sablaireau, Sidérella, Shaofouine, Sulfura, Solaroc, Sorboul, Spiritomb, Sapereau, Sancoki, Scalpion, Smogogo, Symbios, Scorvol, Steelix, Skitty, Sepiatroce, Scalproie, Shifours, Scovilain, Serpang, Scarabrute, Scrutella, Stalgamin, Sonistrelle, Spododo, Sovkipou, Snubbull, Serpente-Eau, Sucroquin, Sorbébé, Solgaleo, Scolocendre, Suicune, Spinda, Scobolide, Séracrawl, Scorplane, Spectreval, Simiabraz, Séléroc, Skelénox, Scalpereur, Salamèche, Simularbre, Sepiatop, Silvallié, Staross, Sorcilence, Spectrum, Stari, Selutin, Superdofin, Soporifik, Sinistrail, Spoink, Sharpedo, Sucreine
83%
A B Amphinobi, Abra, Arboliva, Ampibidou, Arbok, Abo, Absol
82%
A I Artikodin, Amonistar, Azurill, Altaria, Apireine, Aflamanoir, Arcanin, Amphinobi, Arboliva, Ampibidou, Aspicot, Anorith, Aquali, Aéromite, Angoliath, Aligatueur, Airmure, Archéomire, Apitrini, Amonita, Arkéapti, Azumarill
82%
A O Artikodin, Amonistar, Aflamanoir, Abo, Aéroptéryx, Amphinobi, Arboliva, Ampibidou, Arbok, Aspicot, Archéodong, Arcko, Arrozard, Amovénus, Anorith, Astronelle, Axoloto, Aéromite, Angoliath, Armaldo, Argouste, Avaltout, Arakdo, Archéomire, Amonita, Absol
82%
C E Carapuce, Créfadet, Cresselia, Chenipotte, Cornèbre, Ceriflor, Couafarel, Chimpenfeu, Crèmy, Coupenotte, Cacturne, Coléodôme, Cancrelove, Crapustule, Cerbyllin, Charpenti, Créfollet, Crabicoque, Coudlangue, Coquiperl, Carabaffe, Chétiflor, Ceribou, Cheniselle, Colossinge, Chrysapile, Couverdure, Chaffreux, Chef-de-Fer, Créhelf, Câblifère, Colombeau, Cléopsytra, Cupcanaille, Cacnea, Crabominable, Croquine, Coxyclaque, Concombaffe, Chrysacier, Camérupt, Chenipan, Chelours, Corayôme, Canarbello, Courrousinge, Candine, Crabagarre, Chochodile, Carmache, Crabaraque, Cryptéro, Capidextre, Cabriolaine, Crocorible, Couaneton, Coiffeton, Cerfrousse, Celebi, Cheniti, Chlorobule, Cocotine, Chevroum
82%
R R Reptincel, Roublenard, Rattatac, Rondoudou, Ronflex, Relicanth, Rhinastoc, Rexillius, Roucarnage, Rapasdepic, Rafflésia, Rosélia, Rocabot, Racaillou, Rapion, Rozbouton, Ramboum, Regirock, Rototaupe, Roigada, Rattata, Rayquaza, Roserade, Rosabyss, Regigigas, Registeel, Roucoups, Regieleki, Riolu, Roc-de-Fer, Roussil, Rhinoféros, Rhinocorne, Roitiflam, Ratentif, Rhinolove, Reshiram, Rubombelle, Ramoloss, Raikou, Rongrigou, Roucool, Raichu, Roue-de-Fer, Regice, Rugit-Lune, Rampe-Ailes, Regidrago, Rémoraid, Rongourmand
82%
S A Sabelette, Salarsen, Strassie, Statitik, Scarhino, Sarmuraï, Saquedeneu, Shaymin, Sidérella, Sablaireau, Shaofouine, Solaroc, Sulfura, Sapereau, Sancoki, Scalpion, Sepiatroce, Scovilain, Serpang, Scarabrute, Scrutella, Stalgamin, Serpente-Eau, Solgaleo, Spinda, Séracrawl, Scorplane, Spectreval, Simiabraz, Scalpereur, Salamèche, Simularbre, Sepiatop, Silvallié, Staross, Stari, Sinistrail, Scalproie, Sharpedo
82%
A L Axoloto, Azurill, Alakazam, Altaria, Aflamanoir, Amassel, Angoliath, Armaldo, Arboliva, Avaltout, Aquali, Armulys, Astronelle, Aligatueur, Absol, Azumarill
81%
B E Balbalèze, Banshitrouye, Bulbizarre, Briochien, Batracné, Branette, Bruyverne, Boréas, Brutalibré, Boguérisse, Bouldeneu, Blindépique, Berserkatt, Baudrive, Bébécaille, Baggiguane, Barloche, Blizzeval, Bekipan, Brutapode, Bérasca, Bétochef, Brocélôme, Beldeneige, Bleuseille, Bamboiselle, Bekaglaçon, Braségali
81%
D R Draby, Dracaufeu, Darkrai, Drackhaus, Draïeul, Dispareptil, Draco, Dratatin, Duralugon, Démétéros, Darumarond, Drattak, Drakkarmin, Dardargnan, Darumacho, Dragmara, Drascore, Denticrisse, Dimoret, Dodrio, Deusolourdo, Dracolosse, Dinoclier, Dogrino
81%
G G Gallame, Galekid, Gigansel, Granivol, Grodrive, Galopa, Galegon, Goupilou, Grahyèna, Galvagon, Goélise, Gringolem, Gromago, Galifeu, Griknot, Gambex, Groudon, Gaulet, Grindur, Galvaran, Grenousse, Guérilande, Grimalin, Grillepattes, Granbull, Grolem, Gigalithe, Goinfrex, Grainipiot, Géolithe, Goupelin, Groret, Gouroutan, Grodoudou, Gueriaigle, Genesect, Germignon, Galeking, Gruikui, Gobou, Grondogue, Givrali, Goupix, Gamblast, Golemastoc, Gourmelet, Galvagla, Grotichon, Germéclat, Garde-de-Fer, Giratina, Gribouraigne, Golgopathe, Girafarig, Gravalanch, Glaivodo, Gorythmic, Gardevoir, Gloupti, Grotadmorv, Grelaçon
81%
T T Toutombe, Tissenboule, Torgamord, Tortipouss, Têtampoule, Terracruel, Tarinor, Tokopiyon, Tutafeh, Tarenbulle, Togetic, Trompignon, Tutétékri, Tortank, Tapatoès, Trousselin, Togepi, Tarpaud, Trépassable, Têtarte, Triopikeur, Tritox, Téraclope, Teddiursa, Tarinorme, Triopikeau, Tentacool, Têtes-de-Fer, Tritonde, Tyranocif, Théffroi, Terhal, Tournicoton, Torterra, Tritosor, Tiboudet, Terraiste, Tygnon, Type:0, Togekiss, Tokopisco, Tylton, Toudoudou, Tutankafer, Tokotoro, Théffroyable, Terrakium, Tengalice, Tranchodon, Togedemaru, Tentacruel, Terapagos, Tadmorv, Tropius, Typhlosion, Tokorico, Toxizap, Tauros, Terracool, Tournegrin, Tiplouf, Trioxhydre, Taupikeau, Tag-Tag, Taupiqueur, Ténéfix, Tomberro, Tartard, Tarsal, Tic
81%
A K Arakdo, Artikodin, Alakazam, Arbok, Arcko, Akwakwak, Arkéapti
80%
B R Barbicha, Brindibou, Banshitrouye, Bulbizarre, Bourrinos, Bargantua, Batracné, Briochien, Branette, Bruyverne, Boréas, Brutalibré, Boguérisse, Boskara, Berserkatt, Baudrive, Boustiflor, Barloche, Brutapode, Bérasca, Brocélôme, Braisillon, Braségali, Brouhabam, Barpau, Blizzaroi
80%
M M Magby, Motisma, Matoufeu, Manternel, Miraidon, Muplodocus, Mite-de-Fer, Mimigal, M. Mime, Malvalame, Milobellus, Métang, Mélodelfe, Maganon, Magirêve, Munna, M. Glaquette, Moyade, Majaspic, Maskadra, Mewtwo, Moustillon, Manglouton, Momartik, Météno, Meloetta, Mystherbe, Mustébouée, Méganium, Malamandre, Miaouss, Monthracite, Moumouton, Mangriff, Mimitoss, Morphéo, Mouscoto, Miascarade, Manaphy, Minisange, Mentali, Munja, Mamanbo, Magnéti, Mimiqui, Méditikka, Mégapagos, Marisson, Migalos, Matourgeon, Méios, Malosse, Mew, Mélo, Mygavolt, Minidraco, Mesmérella, Meltan, Machopeur, Mime Jr., Maracachi, Magnéton, Monorpale, Miradar, Mordudor, Marcacrin, Métamorph, Mustéflott, Mascaïman, Machoc, Moufflair, Makuhita, Mucuscule, Motorizard, Medhyèna, Magmar, Morpeko, Manzaï, Marshadow, Melmetal, Mackogneur, Minotaupe, Magicarpe, Miasmax, Mammochon, Mimantis, Mistigrix, Massko, Magearna, Moumouflon, Mélofée, Muciole, Macronium, Monaflèmit, Moufouette, Miamiasme, Mastouffe, Magnézone, Mysdibule, Métalosse, Mélancolux, Mushana, Mandrillon, Mateloutre, Marill, Mélokrik, Maraiste
80%
S E Sabelette, Salarsen, Sylveroy, Strassie, Saquedeneu, Séviper, Sidérella, Sablaireau, Shaofouine, Sapereau, Steelix, Sepiatroce, Serpang, Scarabrute, Scrutella, Sonistrelle, Serpente-Eau, Sorbébé, Solgaleo, Scolocendre, Suicune, Scobolide, Séracrawl, Scorplane, Spectreval, Séléroc, Skelénox, Scalpereur, Salamèche, Simularbre, Sepiatop, Silvallié, Sorcilence, Spectrum, Selutin, Superdofin, Scalproie, Sharpedo, Sucreine
80%
F F Fulguris, Flingouste, Furaiglon, Famignol, Fantyrm, Feunnec, Fort-Ivoire, Feu-Perçant, Feuiloutan, Florges, Forgerette, Fragilady, Fragroin, Floramantis, Fortusimia, Farfuret, Foretress, Fulgulairo, Férosinge, Flotajou, Floréclat, Feunard, Fouinette, Frigodo, Fourbelin, Feuillajou, Flambusard, Fongus-Furie, Feurisson, Flotoutan, Flagadoss, Funécire, Flamoutan, Frison, Fantominus, Favianos, Flamenroule, Flâmigator, Flabébé, Fermite, Florizarre, Flambino, Filentrappe, Flotte-Mèche, Fluvetin, Félicanis, Fouinar, Froussardine, Félinferno, Farfaduvet, Flamajou, Frissonille, Forgelina, Ferdeter, Feuforêve, Flobio, Flamiaou, Flotillon, Floette, Farigiraf, Floravol, Farfurex, Forgella, Fulgudog
79%
R A Roublenard, Rattatac, Relicanth, Rhinastoc, Roucarnage, Rapasdepic, Rafflésia, Rosélia, Rocabot, Racaillou, Rapion, Ramboum, Rototaupe, Roigada, Rattata, Rayquaza, Roserade, Rosabyss, Regigigas, Roitiflam, Ratentif, Reshiram, Ramoloss, Raikou, Raichu, Rampe-Ailes, Regidrago, Rémoraid, Rongourmand
79%
T A Torgamord, Terracruel, Tarinor, Tutafeh, Tarenbulle, Tapatoès, Têtampoule, Tortank, Tarpaud, Trépassable, Têtarte, Téraclope, Teddiursa, Tarinorme, Triopikeau, Tentacool, Tyranocif, Terhal, Torterra, Terraiste, Tutankafer, Théffroyable, Terrakium, Tengalice, Tranchodon, Togedemaru, Tentacruel, Terapagos, Tadmorv, Toxizap, Tauros, Terracool, Taupikeau, Tag-Tag, Taupiqueur, Tartard, Tarsal
79%
T O Toutombe, Tissenboule, Torgamord, Tortipouss, Tarinor, Tokopiyon, Têtampoule, Tapatoès, Togetic, Trompignon, Tortank, Trousselin, Togepi, Triopikeur, Tritox, Téraclope, Tarinorme, Triopikeau, Tentacool, Tritonde, Tyranocif, Théffroi, Tournicoton, Torterra, Tritosor, Tiboudet, Tygnon, Tokopisco, Togekiss, Tylton, Toudoudou, Tokotoro, Théffroyable, Tranchodon, Togedemaru, Terapagos, Tadmorv, Tropius, Typhlosion, Tokorico, Tauros, Terracool, Tournegrin, Tiplouf, Trioxhydre, Tomberro, Toxizap
79%
A M Aéromite, Amonistar, Alakazam, Amphinobi, Amagara, Aflamanoir, Amassel, Armaldo, Airmure, Ama-Ama, Ampibidou, Amovénus, Archéomire, Amonita, Armulys, Azumarill
78%
D E Déflaisan, Dracaufeu, Draïeul, Dispareptil, Debugant, Doudouvet, Démétéros, Délestin, Démanta, Dimoclès, Deoxys, Dedenne, Drascore, Démolosse, Delcatty, Diancie, Denticrisse, Dimoret, Desséliande, Deusolourdo, Dracolosse, Dinoclier
78%
G R Granivol, Grodrive, Grahyèna, Gringolem, Gromago, Griknot, Groudon, Grindur, Galvaran, Guérilande, Grenousse, Grimalin, Grillepattes, Granbull, Grolem, Goinfrex, Grainipiot, Groret, Gouroutan, Grodoudou, Gueriaigle, Germignon, Gruikui, Grondogue, Gourmelet, Grotichon, Germéclat, Garde-de-Fer, Giratina, Gribouraigne, Girafarig, Gravalanch, Gorythmic, Gardevoir, Givrali, Grotadmorv, Grelaçon
78%
S L Sabelette, Solochi, Sorbouboul, Salarsen, Sylveroy, Sidérella, Sablaireau, Sorboul, Solaroc, Sulfura, Scalpion, Scorvol, Steelix, Scovilain, Scrutella, Stalgamin, Sonistrelle, Snubbull, Solgaleo, Scolocendre, Scobolide, Séracrawl, Scorplane, Spectreval, Séléroc, Skelénox, Scalpereur, Salamèche, Simularbre, Silvallié, Sorcilence, Selutin, Sinistrail, Scalproie
78%
T R Torgamord, Tortipouss, Terracruel, Tarinor, Tutétékri, Tarenbulle, Trompignon, Tortank, Trousselin, Tarpaud, Trépassable, Têtarte, Triopikeur, Tritox, Téraclope, Teddiursa, Tarinorme, Triopikeau, Têtes-de-Fer, Tritonde, Tyranocif, Théffroi, Terhal, Tournicoton, Torterra, Tritosor, Terraiste, Tutankafer, Tokotoro, Théffroyable, Terrakium, Tranchodon, Togedemaru, Tentacruel, Terapagos, Tadmorv, Tropius, Tokorico, Tauros, Terracool, Tournegrin, Trioxhydre, Taupiqueur, Tomberro, Tartard, Tarsal
78%
C P Carapuce, Chenipotte, Craparoi, Chimpenfeu, Coupenotte, Crapustule, Chapignon, Charpenti, Coquiperl, Chrysapile, Croâporal, Cléopsytra, Cupcanaille, Cradopaud, Capumain, Camérupt, Chenipan, Compagnol, Carapagos, Cryptéro, Capidextre, Chacripan, Chapotus
77%
D C Denticrisse, Darumacho, Dracaufeu, Drackhaus, Drascore, Delcatty, Dracolosse, Dinoclier, Draco, Dimoclès, Diancie, Dunaconda
77%
E E Embrylex, Élecsprint, Emolga, Excelangue, Électhor, Engloutyran, Escroco, Épine-de-Fer, Escargaume, Écaïd, Élektek, Élekable, Écayon, Embrochet, Ectoplasma, Étouraptor, Efflèche, Ékaïser, Éthernatos, Étourmi, Entei, Élekid, Exagide, Excavarenne, Empiflor, Écrapince, Étourvol, Évoli, Éoko, Électrode, Écrémeuh
77%
M A Magby, Motisma, Matoufeu, Manternel, Miraidon, Mimigal, Malvalame, Métang, Maganon, Magirêve, Munna, M. Glaquette, Moyade, Majaspic, Maskadra, Manglouton, Momartik, Meloetta, Méganium, Malamandre, Miaouss, Monthracite, Mangriff, Miascarade, Manaphy, Minisange, Mentali, Munja, Mamanbo, Magnéti, Méditikka, Marisson, Mégapagos, Migalos, Matourgeon, Malosse, Mygavolt, Minidraco, Mesmérella, Meltan, Machopeur, Maracachi, Magnéton, Monorpale, Miradar, Marcacrin, Métamorph, Mascaïman, Machoc, Moufflair, Makuhita, Motorizard, Medhyèna, Magmar, Manzaï, Marshadow, Melmetal, Mackogneur, Minotaupe, Magicarpe, Miasmax, Mammochon, Mimantis, Massko, Magearna, Macronium, Monaflèmit, Miamiasme, Mastouffe, Magnézone, Métalosse, Mandrillon, Mélancolux, Mushana, Mateloutre, Marill, Maraiste
77%
R I Reptincel, Relicanth, Rhinastoc, Rexillius, Rapasdepic, Rafflésia, Rosélia, Racaillou, Rapion, Regirock, Roigada, Regigigas, Registeel, Regieleki, Riolu, Roussil, Rhinoféros, Rhinocorne, Roitiflam, Ratentif, Rhinolove, Reshiram, Raikou, Rongrigou, Raichu, Regice, Rugit-Lune, Rampe-Ailes, Regidrago, Rémoraid
77%
C U Carapuce, Chovsourir, Couafarel, Colimucus, Chimpenfeu, Coupenotte, Cacturne, Crapustule, Corvaillus, Crabicoque, Chuchmur, Coudlangue, Coquiperl, Ceribou, Couverdure, Chaffreux, Colombeau, Cobaltium, Cosmovum, Cupcanaille, Croquine, Coxyclaque, Cradopaud, Capumain, Camérupt, Chelours, Courrousinge, Carmadura, Crustabri, Crabaraque, Couaneton, Cerfrousse, Chlorobule, Chapotus, Chevroum, Chinchidou
76%
F A Furaiglon, Famignol, Fantyrm, Feu-Perçant, Feuiloutan, Fragilady, Fragroin, Floramantis, Fortusimia, Farfuret, Fulgulairo, Flotajou, Floréclat, Feunard, Feuillajou, Flambusard, Flotoutan, Flagadoss, Flamoutan, Fantominus, Favianos, Flamenroule, Flâmigator, Flabébé, Florizarre, Flambino, Filentrappe, Félicanis, Fouinar, Froussardine, Farfaduvet, Flamajou, Forgelina, Flamiaou, Farigiraf, Floravol, Farfurex, Forgella
76%
F E Flingouste, Feunnec, Fort-Ivoire, Feu-Perçant, Feuiloutan, Florges, Forgerette, Farfuret, Foretress, Férosinge, Floréclat, Feunard, Fouinette, Fourbelin, Feuillajou, Fongus-Furie, Feurisson, Funécire, Flamenroule, Flabébé, Fermite, Florizarre, Félicanis, Filentrappe, Flotte-Mèche, Fluvetin, Froussardine, Félinferno, Farfaduvet, Frissonille, Forgelina, Ferdeter, Feuforêve, Floette, Farfurex, Forgella
76%
F R Fulguris, Furaiglon, Fantyrm, Fort-Ivoire, Feu-Perçant, Florges, Forgerette, Fragilady, Fragroin, Floramantis, Fortusimia, Farfuret, Foretress, Fulgulairo, Férosinge, Frigodo, Floréclat, Feunard, Fourbelin, Flambusard, Fongus-Furie, Feurisson, Funécire, Frison, Flamenroule, Flâmigator, Fermite, Florizarre, Filentrappe, Fouinar, Froussardine, Félinferno, Farfaduvet, Frissonille, Forgelina, Ferdeter, Feuforêve, Farigiraf, Floravol, Farfurex, Forgella
76%
G A Gallame, Galekid, Gigansel, Granivol, Galopa, Galegon, Grahyèna, Galvagon, Gromago, Galifeu, Gambex, Gaulet, Galvaran, Guérilande, Grimalin, Grillepattes, Granbull, Grainipiot, Gouroutan, Gueriaigle, Galeking, Givrali, Gamblast, Galvagla, Germéclat, Garde-de-Fer, Giratina, Gardevoir, Golgopathe, Gribouraigne, Girafarig, Gravalanch, Glaivodo, Golemastoc, Gigalithe, Grotadmorv, Grelaçon
76%
G O Granivol, Grodrive, Galopa, Galegon, Goupilou, Galvagon, Goélise, Gringolem, Gromago, Griknot, Groudon, Grenousse, Grolem, Goinfrex, Grainipiot, Géolithe, Goupelin, Groret, Gouroutan, Grodoudou, Germignon, Gobou, Grondogue, Goupix, Golemastoc, Gourmelet, Grotichon, Gribouraigne, Golgopathe, Glaivodo, Gorythmic, Gardevoir, Gloupti, Grotadmorv, Grelaçon
76%
R U Roublenard, Rondoudou, Rexillius, Roucarnage, Racaillou, Rozbouton, Ramboum, Rototaupe, Rayquaza, Roucoups, Riolu, Roussil, Rubombelle, Raikou, Rongrigou, Roucool, Raichu, Roue-de-Fer, Rugit-Lune, Rongourmand
76%
F I Fulguris, Flingouste, Furaiglon, Famignol, Fort-Ivoire, Feuiloutan, Fragilady, Fragroin, Floramantis, Fortusimia, Fulgulairo, Férosinge, Frigodo, Fouinette, Fourbelin, Feuillajou, Fongus-Furie, Feurisson, Funécire, Frison, Fantominus, Favianos, Flâmigator, Fermite, Florizarre, Flambino, Filentrappe, Félicanis, Fluvetin, Fouinar, Froussardine, Félinferno, Frissonille, Forgelina, Flobio, Flamiaou, Flotillon, Farigiraf
75%
K K Kabutops, Kecleon, Kaorine, Krabby, Korillon, Karaclée, Keldeo, Kungfouine, Khélocrok, Kraknoix, Kyogre, Krabboss, Kokiyas, Kyurem, Kadabra, Kaimorse, Katagami, Krakos, Koraidon, Kangourex, Kranidos, Keunotor, Kravarech, Kapoera, Kabuto, Kirlia, Kicklee, Kaiminus
75%
L A Lançargot, Lakmécygne, Larvadar, Lucanon, Larméléon, Lézargus, Lainergie, Lanturn, Lugulabre, Lunala, Larvibule, Lampignon, Larveyette, Latias, Laggron, Limaspeed, Lestombaile, Limagma, Léviator, Lampéroie, Leveinard, Lugia, Laporeille, Lucario, Léopardus, Lanssorien, Lilia, Latios, Lougaroc, Lianaja, Lamantine, Luxray, Lokhlass, Lapyro
75%
L I Loupio, Limonde, Luminéon, Lumivole, Lockpin, Lainergie, Larvibule, Lixy, Lampignon, Latias, Lilliterelle, Libégon, Limaspeed, Lestombaile, Lippoutou, Luxio, Limagma, Léviator, Lampéroie, Leveinard, Lugia, Laporeille, Lucario, Lippouti, Lanssorien, Ludicolo, Leuphorie, Lilia, Latios, Linéon, Lianaja, Lamantine, Lovdisc, Lépidonille
75%
L L Lançargot, Loupio, Lakmécygne, Limonde, Larvadar, Luminéon, Lucanon, Larméléon, Lumivole, Lézargus, Lockpin, Lainergie, Lanturn, Lugulabre, Lunala, Larvibule, Lixy, Lampignon, Larveyette, Latias, Lilliterelle, Léboulérou, Libégon, Laggron, Limaspeed, Lestombaile, Lippoutou, Luxio, Limagma, Lewsor, Léviator, Lampéroie, Leveinard, Lugia, Laporeille, Lucario, Lippouti, Léopardus, Lanssorien, Ludicolo, Leuphorie, Lilia, Latios, Lougaroc, Linéon, Lianaja, Lombre, Lamantine, Luxray, Lovdisc, Lépidonille, Lokhlass, Lapyro
75%
M O Mackogneur, Migalos, Marisson, Matourgeon, Minotaupe, Meloetta, Méios, Malosse, Mélo, Mustébouée, Motisma, Matoufeu, Mygavolt, Miraidon, Minidraco, Mammochon, Muplodocus, Miaouss, Monthracite, Massko, Moumouton, Moumouflon, Mimitoss, Machopeur, Morphéo, Mélofée, Magnéton, Monorpale, Mouscoto, Mordudor, Milobellus, Mélodelfe, Macronium, Muciole, Métamorph, Monaflèmit, Mustéflott, Moufouette, Maganon, Mamanbo, Machoc, Moufflair, Mastouffe, Magnézone, Moyade, Métalosse, Mandrillon, Mélancolux, Mateloutre, Motorizard, Mewtwo, Mélokrik, Morpeko, Moustillon, Mégapagos, Marshadow, Manglouton, Momartik, Météno
75%
R E Reptincel, Roublenard, Ronflex, Relicanth, Rexillius, Roucarnage, Rapasdepic, Rafflésia, Rosélia, Regirock, Rototaupe, Roserade, Regigigas, Registeel, Regieleki, Roc-de-Fer, Rhinoféros, Rhinocorne, Rhinolove, Ratentif, Reshiram, Rubombelle, Roue-de-Fer, Regice, Rugit-Lune, Rampe-Ailes, Regidrago, Rémoraid
75%
R L Reptincel, Roublenard, Ronflex, Relicanth, Rexillius, Rafflésia, Rosélia, Racaillou, Registeel, Regieleki, Riolu, Roussil, Rhinolove, Roitiflam, Rubombelle, Ramoloss, Roucool, Rugit-Lune, Rampe-Ailes
75%
R O Roublenard, Rondoudou, Ronflex, Rhinastoc, Roucarnage, Rocabot, Rosélia, Racaillou, Rapion, Rozbouton, Ramboum, Regirock, Rototaupe, Roigada, Roserade, Rosabyss, Roucoups, Riolu, Roc-de-Fer, Roussil, Rhinoféros, Rhinocorne, Roitiflam, Rhinolove, Rubombelle, Ramoloss, Raikou, Rongrigou, Roucool, Roue-de-Fer, Regidrago, Rémoraid, Rongourmand
75%
S C Solochi, Scarhino, Solaroc, Sancoki, Scalpion, Scorvol, Sepiatroce, Scovilain, Scarabrute, Scrutella, Sucroquin, Scolocendre, Suicune, Scobolide, Séracrawl, Scorplane, Spectreval, Séléroc, Scalpereur, Salamèche, Sorcilence, Spectrum, Scalproie, Sucreine
75%
T N Tissenboule, Tarinor, Tokopiyon, Tarenbulle, Trompignon, Tortank, Trousselin, Tarinorme, Tentacool, Tritonde, Tyranocif, Tournicoton, Tygnon, Tylton, Tutankafer, Tengalice, Tranchodon, Tentacruel, Typhlosion, Tournegrin, Ténéfix
75%
C H Chovsourir, Charibari, Chenipotte, Charbi, Canarticho, Charmillon, Chamallot, Chimpenfeu, Carchacrok, Chapignon, Charpenti, Chuchmur, Chongjian, Chétiflor, Charbambin, Cheniselle, Chrysapile, Colhomard, Cochignon, Chaffreux, Chef-de-Fer, Créhelf, Charmilly, Chrysacier, Chenipan, Chelours, Chochodile, Chartor, Carmache, Chacripan, Charmina, Charkos, Cheniti, Chlorobule, Chapotus, Carvanha, Chevroum, Chaglam, Chinchidou
74%
C I Caninos, Clamiral, Cresselia, Chenipotte, Chovsourir, Charibari, Charbi, Craparoi, Ceriflor, Colimucus, Canarticho, Charmillon, Chimpenfeu, Chapignon, Corvaillus, Charpenti, Crabicoque, Cerbyllin, Coquiperl, Chétiflor, Ceribou, Clic, Charbambin, Cheniselle, Colossinge, Cliticlic, Chrysapile, Cochignon, Crikzik, Cobaltium, Câblifère, Cupcanaille, Crabominable, Croquine, Charmilly, Crocogril, Chrysacier, Capumain, Cadoizo, Chenipan, Carabing, Courrousinge, Candine, Chochodile, Crocrodil, Crustabri, Capidextre, Chacripan, Crocorible, Cabriolaine, Coiffeton, Charmina, Celebi, Cheniti, Cocotine, Cizayox, Chongjian, Chinchidou
74%
C O Caninos, Chovsourir, Chenipotte, Cornèbre, Craparoi, Ceriflor, Couafarel, Colimucus, Coatox, Canarticho, Charmillon, Chamallot, Carchacrok, Coupenotte, Coléodôme, Cancrelove, Chapignon, Cotovol, Crabicoque, Créfollet, Corvaillus, Coudlangue, Chongjian, Coquiperl, Chétiflor, Ceribou, Coconfort, Corboss, Colossinge, Croâporal, Colhomard, Cochignon, Castorno, Couverdure, Cosmog, Colombeau, Cobaltium, Cosmovum, Corayon, Cléopsytra, Crabominable, Croquine, Crocogril, Coxyclaque, Cradopaud, Concombaffe, Cadoizo, Chelours, Compagnol, Corayôme, Canarbello, Courrousinge, Chochodile, Caratroc, Chartor, Crocrodil, Coxy, Cryptéro, Carapagos, Cabriolaine, Crocorible, Couaneton, Coiffeton, Cryodo, Cerfrousse, Charkos, Chlorobule, Chapotus, Cocotine, Cizayox, Chevroum, Chinchidou
74%
E L Empiflor, Élektek, Embrylex, Étourvol, Élecsprint, Élekable, Emolga, Excelangue, Évoli, Électrode, Ectoplasma, Électhor, Engloutyran, Efflèche, Élekid
74%
G I Galekid, Gigansel, Granivol, Grodrive, Goupilou, Goélise, Gringolem, Galifeu, Griknot, Grindur, Guérilande, Grimalin, Grillepattes, Gigalithe, Goinfrex, Grainipiot, Gloupti, Géolithe, Goupelin, Gueriaigle, Germignon, Galeking, Gruikui, Goupix, Grotichon, Giratina, Gribouraigne, Girafarig, Glaivodo, Gorythmic, Gardevoir, Givrali
74%
S M Stalgamin, Salamèche, Simularbre, Smogogo, Smogo, Symbios, Spectrum, Sarmuraï, Shaymin, Simiabraz, Spiritomb
74%
A N Artikodin, Amonistar, Apireine, Amphinobi, Aflamanoir, Angoliath, Archéodong, Amovénus, Arcanin, Apitrini, Anorith, Anchwatt, Amonita, Astronelle
73%
F O Flingouste, Furaiglon, Famignol, Fort-Ivoire, Feuiloutan, Florges, Forgerette, Fragroin, Floramantis, Fortusimia, Foretress, Fulgulairo, Férosinge, Flotajou, Floréclat, Frigodo, Fouinette, Fourbelin, Feuillajou, Fongus-Furie, Feurisson, Flotoutan, Flagadoss, Flamoutan, Frison, Fantominus, Favianos, Flamenroule, Flâmigator, Florizarre, Flambino, Flotte-Mèche, Fouinar, Froussardine, Félinferno, Flamajou, Frissonille, Forgelina, Feuforêve, Flobio, Flamiaou, Flotillon, Floette, Floravol, Forgella, Fulgudog
73%
G E Gallame, Galekid, Gigansel, Grodrive, Galegon, Grahyèna, Goélise, Gringolem, Galifeu, Gambex, Gaulet, Guérilande, Grenousse, Grillepattes, Grolem, Goinfrex, Géolithe, Goupelin, Groret, Gueriaigle, Genesect, Germignon, Galeking, Grondogue, Gourmelet, Germéclat, Garde-de-Fer, Gribouraigne, Gardevoir, Golgopathe, Golemastoc, Gigalithe, Grelaçon
73%
G L Gallame, Galekid, Gigansel, Granivol, Galopa, Galegon, Goupilou, Galvagon, Goélise, Gringolem, Galifeu, Gaulet, Galvaran, Guérilande, Grimalin, Grillepattes, Granbull, Grolem, Gloupti, Géolithe, Goupelin, Gueriaigle, Galeking, Givrali, Gamblast, Gourmelet, Galvagla, Germéclat, Golgopathe, Gravalanch, Glaivodo, Golemastoc, Gigalithe, Grelaçon
73%
H H Hoothoot, Hélédelle, Hastacuda, Héliatronc, Hachécateur, Hippodocus, Hariyama, Herbizarre, Hurle-Queue, Hypnomade, Hydragla, Hotte-de-Fer, Hélionceau, Hippopotas, Hydragon, Hexadron, Heatran, Hoopa, Hypocéan, Haydaim, Hypotrempe, Hyporoi, Ho-Oh, Héricendre, Hexagel
73%
L R Lançargot, Larvadar, Larméléon, Lézargus, Lainergie, Lanturn, Lugulabre, Larvibule, Larveyette, Lilliterelle, Léboulérou, Laggron, Lewsor, Léviator, Lampéroie, Leveinard, Laporeille, Lucario, Léopardus, Lanssorien, Leuphorie, Lougaroc, Lombre, Luxray, Lapyro
73%
M E Melmetal, Mackogneur, Matourgeon, Minotaupe, Meloetta, Méios, Mystherbe, Mew, Mélo, Malosse, Mustébouée, Méganium, Matoufeu, Magicarpe, Manternel, Mite-de-Fer, Mesmérella, Malamandre, Monthracite, Meltan, Magearna, M. Mime, Malvalame, Machopeur, Morphéo, Mime Jr., Mélofée, Magnéton, Monorpale, Miascarade, Milobellus, Métang, Mélodelfe, Muciole, Métamorph, Monaflèmit, Mentali, Mustéflott, Moufouette, Miamiasme, Mastouffe, Minisange, Magirêve, Magnéti, Mucuscule, Magnézone, M. Glaquette, Moyade, Mysdibule, Métalosse, Mélancolux, Mateloutre, Mewtwo, Medhyèna, Mélokrik, Morpeko, Méditikka, Mégapagos, Météno, Maraiste
73%
M I Migalos, Minotaupe, Méios, Motisma, Méganium, Magicarpe, Miasmax, Minidraco, Miraidon, Mimantis, Mite-de-Fer, Mimigal, Mistigrix, Miaouss, Monthracite, M. Mime, Mangriff, Mimitoss, Mime Jr., Maracachi, Miradar, Miascarade, Marcacrin, Milobellus, Muciole, Macronium, Monaflèmit, Minisange, Mentali, Miamiasme, Mascaïman, Moufflair, Makuhita, Magnéti, Magirêve, Majaspic, Mysdibule, Mandrillon, Mimiqui, Motorizard, Marill, Mélokrik, Moustillon, Manzaï, Méditikka, Marisson, Momartik, Maraiste
73%
R C Roucarnage, Rapasdepic, Rocabot, Reptincel, Roucool, Raichu, Racaillou, Rattatac, Relicanth, Roucoups, Regice, Regirock, Roc-de-Fer, Rhinastoc, Rhinocorne
73%
Z Z Zoroark, Zéroïd, Zekrom, Zeraora, Zacian, Zarbi, Zorua, Zarude, Zygarde, Zigzaton, Zéblitz, Zamazenta, Zapétrel, Zébibron
73%
E O Engloutyran, Empiflor, Étourvol, Écayon, Emolga, Embrochet, Éthernatos, Évoli, Éoko, Électrode, Électhor, Ectoplasma, Étourmi, Étouraptor, Escroco
72%
K A Kabutops, Kaorine, Krabby, Karaclée, Kraknoix, Krabboss, Kokiyas, Kadabra, Kaimorse, Katagami, Krakos, Koraidon, Kangourex, Kranidos, Kravarech, Kapoera, Kabuto, Kirlia, Kaiminus
72%
L O Lançargot, Loupio, Limonde, Luminéon, Lucanon, Larméléon, Lumivole, Lockpin, Lampignon, Léboulérou, Libégon, Laggron, Lestombaile, Lippoutou, Luxio, Lewsor, Léviator, Lampéroie, Laporeille, Lucario, Lippouti, Léopardus, Lanssorien, Ludicolo, Leuphorie, Latios, Lougaroc, Linéon, Lombre, Lovdisc, Lépidonille, Lokhlass, Lapyro
72%
O O Oniglali, Onix, Ouvrifier, Otaquin, Olivado, Ogerpon, Otaria, Ohmassacre, Ossatueur, Otarlette, Opermine, Oratoria, Ouisticram, Osselait, Octillery, Okéoké, Ortide, Olivini, Ouistempo, Oyacata, Obalie
72%
P O Pohm, Pohmotte, Pingoléon, Psykokwak, Prismillon, Pondralugon, Pomdrapi, Poissirène, Ponyta, Poussacha, Phogleur, Pomdepik, Piclairon, Pyronille, Papilusion, Pijako, Pyrobut, Porygon, Pâtachiot, Porygon-Z, Pomdramour, Poltchageist, Poissoroy, Prinplouf, Pohmarmotte, Ponchien, Pyroli, Pomdorochi, Poichigeon, Parécool, Porygon2, Pierroteknik, Papinox, Papilord, Phione, Polarhume, Poussifeu, Pitrouille, Ponchiot, Polthégeist, Posipi, Pimito, Passerouge, Polichombr, Polagriffe, Palarticho, Poulpaf
72%
Z R Zoroark, Zéroïd, Zekrom, Zeraora, Zarbi, Zorua, Zarude, Zygarde, Zapétrel, Zébibron
72%
D O Donphan, Doudouvet, Draco, Duralugon, Démétéros, Dunaconda, Dodoala, Darumarond, Dimoclès, Darumacho, Deoxys, Drascore, Démolosse, Doduo, Dolman, Dimoret, Dofin, Dodrio, Deusolourdo, Dracolosse, Dinoclier, Dogrino, Dynavolt
71%
D U Dunaja, Darumacho, Dracaufeu, Draïeul, Drackhaus, Darumarond, Deusolourdo, Doduo, Debugant, Doudouvet, Duralugon, Dinglu, Dunaconda
71%
F L Fulguris, Flingouste, Furaiglon, Famignol, Feuiloutan, Florges, Fragilady, Floramantis, Fulgulairo, Flotajou, Floréclat, Fourbelin, Feuillajou, Flambusard, Flotoutan, Flagadoss, Flamoutan, Flamenroule, Flâmigator, Flabébé, Florizarre, Flambino, Filentrappe, Flotte-Mèche, Fluvetin, Félicanis, Félinferno, Flamajou, Frissonille, Forgelina, Flobio, Flamiaou, Flotillon, Floette, Floravol, Forgella, Fulgudog
71%
G N Gigansel, Granivol, Galegon, Grahyèna, Galvagon, Gringolem, Griknot, Groudon, Grindur, Galvaran, Guérilande, Grenousse, Grimalin, Granbull, Goinfrex, Grainipiot, Goupelin, Gouroutan, Genesect, Germignon, Galeking, Grondogue, Grotichon, Giratina, Gribouraigne, Gravalanch, Grelaçon
71%
M N Mackogneur, Matourgeon, Minotaupe, Méganium, Manternel, Miraidon, Minidraco, Mammochon, Mimantis, Malamandre, Monthracite, Meltan, Moumouton, Magearna, Moumouflon, Mangriff, Magnéton, Monorpale, Marcacrin, Métang, Macronium, Monaflèmit, Manaphy, Mentali, Munja, Maganon, Mascaïman, Mamanbo, Minisange, Magnéti, Munna, Magnézone, Mandrillon, Mélancolux, Mushana, Medhyèna, Moustillon, Manzaï, Marisson, Manglouton, Météno
71%
A T Axoloto, Aéromite, Artikodin, Amonistar, Altaria, Anchwatt, Angoliath, Aspicot, Argouste, Apitrini, Arkéapti, Avaltout, Anorith, Amonita, Astronelle, Aligatueur, Aéroptéryx
70%
A U Arceus, Azurill, Araqua, Ampibidou, Airmure, Archéduc, Amovénus, Argouste, Avaltout, Aquali, Armulys, Aligatueur, Azumarill
70%
C B Charibari, Cornèbre, Charbi, Cerbyllin, Crabicoque, Carabaffe, Ceribou, Charbambin, Corboss, Câblifère, Colombeau, Cobaltium, Crabominable, Concombaffe, Canarbello, Carabing, Crabagarre, Crabaraque, Crustabri, Cabriolaine, Crocorible, Celebi, Chlorobule
70%
H A Hachécateur, Hélionceau, Hariyama, Hypocéan, Haydaim, Hippopotas, Hydragon, Herbizarre, Hexadron, Heatran, Hypnomade, Hoopa, Hastacuda, Hydragla, Hexagel, Héliatronc
70%
H R Hotte-de-Fer, Hachécateur, Hariyama, Hydragon, Hypotrempe, Herbizarre, Hurle-Queue, Hyporoi, Heatran, Héricendre, Hydragla, Hexadron, Héliatronc
70%
K R Kaorine, Krabby, Korillon, Karaclée, Khélocrok, Kraknoix, Kyogre, Krabboss, Kyurem, Kadabra, Kaimorse, Krakos, Koraidon, Kangourex, Kranidos, Keunotor, Kravarech, Kapoera, Kirlia
70%
M R Mackogneur, Matourgeon, Mystherbe, Magicarpe, Manternel, Minidraco, Miraidon, Mite-de-Fer, Mesmérella, Malamandre, Mistigrix, Monthracite, Magearna, Mangriff, Morphéo, Mime Jr., Machopeur, Maracachi, Monorpale, Miradar, Miascarade, Marcacrin, Mordudor, Macronium, Métamorph, Moufflair, Magirêve, Maskadra, Mandrillon, Mateloutre, Motorizard, Marill, Mélokrik, Magmar, Morpeko, Marisson, Marshadow, Momartik, Maraiste
70%
N N Nosferalto, Nidorina, Némélios, Nirondelle, Necrozma, Nanméouïe, Nostenfer, Neitram, Nidoran♂, Nosferapti, Nidoqueen, Nœunœuf, Nénupiot, Négapi, Nigirigon, Nodulithe, Noctunoir, Natu, Nounourson, Noadkoko, Ninjask, Nidoran♀, Noacier, Noctali, Nucléos, Noarfang, Nidoking, Nigosier, Nidorino, Nymphali, Ningale
70%
P R Prismillon, Pondralugon, Pachirisu, Ptyranidur, Poissirène, Ptiravi, Pandarbare, Pomdrapi, Paras, Persian, Phogleur, Psystigri, Piclairon, Pachyradjah, Paragruel, Pyronille, Pyrobut, Porygon, Porygon-Z, Pyrax, Pomdramour, Pérégrain, Parasect, Ptitard, Poissoroy, Prinplouf, Pohmarmotte, Pyroli, Pomdorochi, Paume-de-Fer, Parécool, Porygon2, Pierroteknik, Papilord, Prédastérie, Polarhume, Pitrouille, Ptéra, Polichombr, Polagriffe, Passerouge, Palarticho, Pharamp
70%
V V Vaututrice, Vigoroth, Vorastérie, Voltoutou, Vostourno, Vrombotor, Vivaldaim, Viridium, Venipatte, Vipélierre, Vortente, Victini, Viskuse, Virevorreur, Volcaropod, Virovent, Vibraninf, Vacilys, Venalgue, Voltali, Vémini, Verpom, Vert-de-Fer, Vrombi, Volcanion, Voltorbe
70%
Z E Zéroïd, Zekrom, Zeraora, Zarude, Zygarde, Zéblitz, Zamazenta, Zapétrel, Zébibron
70%
A S Arceus, Amonistar, Aspicot, Amovénus, Argouste, Armulys, Astronelle, Absol, Amassel
69%
B O Baojian, Brindibou, Banshitrouye, Bourrinos, Briochien, Balbuto, Boréas, Badabouin, Boumata, Boguérisse, Bouldeneu, Boskara, Bombydou, Boustiflor, Barloche, Bacabouh, Brutapode, Bazoucan, Bétochef, Brocélôme, Braisillon, Bamboiselle, Bekaglaçon, Blancoton, Bastiodon, Brouhabam, Balignon, Blizzaroi
69%
C F Créfollet, Créfadet, Concombaffe, Coiffeton, Carabaffe, Chétiflor, Cerfrousse, Ceriflor, Coconfort, Couafarel, Chaffreux, Chimpenfeu, Créhelf, Chef-de-Fer, Câblifère
69%
C N Caninos, Chenipotte, Cornèbre, Canarticho, Charmillon, Chimpenfeu, Coupenotte, Cacturne, Cancrelove, Chapignon, Cerbyllin, Charpenti, Coudlangue, Charbambin, Coconfort, Cheniselle, Colossinge, Cochignon, Castorno, Corayon, Cupcanaille, Cacnea, Crabominable, Croquine, Concombaffe, Capumain, Chenipan, Compagnol, Canarbello, Carabing, Courrousinge, Candine, Chacripan, Couaneton, Cabriolaine, Coiffeton, Charmina, Cheniti, Cocotine, Carvanha, Chongjian, Chinchidou
69%
D L Desséliande, Dodoala, Déflaisan, Draïeul, Dialga, Dispareptil, Deusolourdo, Delcatty, Démolosse, Dracolosse, Dolman, Dinoclier, Dimoclès, Dynavolt, Duralugon, Dinglu, Délestin
69%
E C Escargaume, Excavarenne, Écaïd, Écrapince, Escroco, Élecsprint, Écayon, Embrochet, Excelangue, Électhor, Électrode, Ectoplasma, Efflèche, Écrémeuh
69%
E R Épine-de-Fer, Escargaume, Excavarenne, Empiflor, Embrylex, Écrapince, Élecsprint, Étourvol, Escroco, Embrochet, Éthernatos, Électrode, Électhor, Étourmi, Engloutyran, Étouraptor, Ékaïser, Écrémeuh
69%
H E Hotte-de-Fer, Hachécateur, Hélionceau, Hypocéan, Hypotrempe, Herbizarre, Hexadron, Heatran, Hypnomade, Hurle-Queue, Héricendre, Hélédelle, Hexagel, Héliatronc
69%
O I Oratoria, Ortide, Ouisticram, Osselait, Octillery, Oniglali, Onix, Olivini, Ouistempo, Ouvrifier, Otaquin, Olivado, Otaria, Obalie, Opermine
69%
P E Pohmotte, Pingoléon, Piafabec, Poissirène, Pandarbare, Plumeline, Phogleur, Persian, Pomdepik, Paragruel, Pyronille, Pifeuil, Pelage-Sablé, Pérégrain, Poltchageist, Parasect, Pohmarmotte, Ponchien, Pêchaminus, Poichigeon, Paume-de-Fer, Parécool, Pierroteknik, Prédastérie, Phione, Polarhume, Poussifeu, Pitrouille, Polthégeist, Ptéra, Polagriffe, Passerouge, Piétacé, Pandespiègle
69%
P L Pingoléon, Prismillon, Pondralugon, Palmaval, Palkia, Pashmilla, Plumeline, Phogleur, Piclairon, Phyllali, Paragruel, Pyronille, Papilusion, Pifeuil, Pelage-Sablé, Poltchageist, Prinplouf, Pyroli, Parécool, Papilord, Polarhume, Pitrouille, Polthégeist, Palarticho, Polichombr, Polagriffe, Poulpaf, Pandespiègle
69%
R N Roucarnage, Reptincel, Rapion, Rozbouton, Rongrigou, Roublenard, Rondoudou, Ronflex, Relicanth, Rhinastoc, Rhinoféros, Rugit-Lune, Rhinocorne, Ratentif, Rhinolove, Rongourmand
69%
S I Solochi, Strassie, Statitik, Scarhino, Sarmuraï, Séviper, Shaymin, Sidérella, Sablaireau, Shaofouine, Spiritomb, Sancoki, Scalpion, Symbios, Steelix, Skitty, Sepiatroce, Scalproie, Shifours, Scovilain, Stalgamin, Sonistrelle, Sovkipou, Sucroquin, Suicune, Spinda, Scobolide, Simiabraz, Simularbre, Sepiatop, Silvallié, Sorcilence, Selutin, Stari, Superdofin, Soporifik, Sinistrail, Spoink, Sucreine
69%
S R Sorbouboul, Salarsen, Sylveroy, Strassie, Scarhino, Sarmuraï, Séviper, Sidérella, Sablaireau, Solaroc, Sulfura, Sorboul, Spiritomb, Sapereau, Scorvol, Sepiatroce, Shifours, Serpang, Scarabrute, Scrutella, Sonistrelle, Serpente-Eau, Sucroquin, Sorbébé, Scolocendre, Séracrawl, Scorplane, Spectreval, Simiabraz, Séléroc, Scalpereur, Simularbre, Staross, Sorcilence, Spectrum, Stari, Superdofin, Soporifik, Sinistrail, Scalproie, Sharpedo, Sucreine
69%
T K Tokopisco, Taupikeau, Togekiss, Tutankafer, Tokotoro, Tokopiyon, Tutétékri, Triopikeau, Tortank, Triopikeur, Terrakium, Tokorico
69%
G U Goupilou, Galifeu, Groudon, Gaulet, Grindur, Guérilande, Grenousse, Granbull, Goupelin, Gouroutan, Grodoudou, Gueriaigle, Gruikui, Gobou, Grondogue, Goupix, Gourmelet, Gribouraigne, Gloupti
68%
H I Hélionceau, Hippodocus, Hariyama, Haydaim, Hippopotas, Herbizarre, Hyporoi, Héricendre, Héliatronc
68%
T I Tissenboule, Tortipouss, Tarinor, Tokopiyon, Tutétékri, Togetic, Trompignon, Trousselin, Togepi, Triopikeur, Tritox, Teddiursa, Tarinorme, Triopikeau, Tritonde, Tyranocif, Théffroi, Tournicoton, Tritosor, Tiboudet, Terraiste, Tokopisco, Togekiss, Tengalice, Tropius, Typhlosion, Tokorico, Tournegrin, Tiplouf, Trioxhydre, Taupikeau, Taupiqueur, Ténéfix, Toxizap, Terrakium, Tic
68%
T U Toutombe, Tissenboule, Tortipouss, Tutétékri, Tutafeh, Tarenbulle, Têtampoule, Trousselin, Tarpaud, Triopikeur, Teddiursa, Triopikeau, Tournicoton, Tiboudet, Tutankafer, Toudoudou, Togedemaru, Tentacruel, Tropius, Tauros, Tournegrin, Tiplouf, Taupikeau, Taupiqueur, Terracruel, Terrakium
68%
Z A Zoroark, Zeraora, Zacian, Zarbi, Zorua, Zarude, Zygarde, Zigzaton, Zamazenta, Zapétrel
68%
A C Arceus, Archéodong, Aspicot, Arcanin, Arcko, Archéomire, Anchwatt, Archéduc
67%
E T Engloutyran, Élektek, Étourvol, Élecsprint, Éthernatos, Embrochet, Électhor, Électrode, Ectoplasma, Étourmi, Étouraptor, Entei
67%
L E Lakmécygne, Limonde, Luminéon, Larméléon, Lumivole, Lézargus, Lainergie, Lugulabre, Larvibule, Larveyette, Lilliterelle, Léboulérou, Libégon, Limaspeed, Lestombaile, Lewsor, Léviator, Lampéroie, Leveinard, Laporeille, Léopardus, Lanssorien, Leuphorie, Linéon, Lombre, Lamantine, Lépidonille
67%
A P Apireine, Amphinobi, Ampibidou, Aspicot, Apitrini, Arkéapti, Aéroptéryx
66%
B Z Blizzeval, Balbalèze, Bulbizarre, Blizzi, Bazoucan, Blizzaroi
66%
C T Créfadet, Chenipotte, Coatox, Canarticho, Chamallot, Coupenotte, Cacturne, Crapustule, Cotovol, Charpenti, Créfollet, Chétiflor, Coconfort, Cliticlic, Castorno, Cobaltium, Cléopsytra, Camérupt, Caratroc, Chartor, Crustabri, Cryptéro, Capidextre, Couaneton, Coiffeton, Cheniti, Chapotus, Cocotine
66%
F N Flingouste, Furaiglon, Famignol, Fantyrm, Feunnec, Feu-Perçant, Feuiloutan, Fragroin, Floramantis, Férosinge, Feunard, Fouinette, Fourbelin, Fongus-Furie, Feurisson, Flotoutan, Funécire, Flamoutan, Frison, Fantominus, Favianos, Flamenroule, Flambino, Filentrappe, Félicanis, Fluvetin, Froussardine, Fouinar, Félinferno, Frissonille, Forgelina, Flotillon
66%
F U Fulguris, Flingouste, Furaiglon, Feunnec, Feu-Perçant, Feuiloutan, Fortusimia, Farfuret, Fulgulairo, Flotajou, Feunard, Fouinette, Fourbelin, Feuillajou, Flambusard, Fongus-Furie, Feurisson, Flotoutan, Funécire, Flamoutan, Fantominus, Flamenroule, Fluvetin, Fouinar, Froussardine, Farfaduvet, Flamajou, Feuforêve, Flamiaou, Farfurex, Fulgudog
66%
K E Kaimorse, Kecleon, Kangourex, Kaorine, Kyogre, Karaclée, Keldeo, Kungfouine, Khélocrok, Kicklee, Keunotor, Kravarech, Kapoera, Kyurem
66%
K O Kabutops, Kecleon, Kaorine, Korillon, Keldeo, Khélocrok, Kungfouine, Kraknoix, Kyogre, Krabboss, Kokiyas, Kaimorse, Krakos, Koraidon, Kangourex, Kranidos, Keunotor, Kapoera, Kabuto
66%
M G Magby, Mackogneur, Migalos, Matourgeon, Méganium, Mygavolt, Magicarpe, Mimigal, Mistigrix, Magearna, Mangriff, Magnéton, Métang, Minisange, Maganon, Magirêve, Magnéti, Magnézone, M. Glaquette, Magmar, Mégapagos, Manglouton
66%
N A Ninjask, Nidoran♀, Nosferalto, Noctali, Noacier, Nidorina, Nidoran♂, Noarfang, Nosferapti, Négapi, Neitram, Necrozma, Nanméouïe, Natu, Nymphali, Ningale, Noadkoko
66%
N I Nidorina, Némélios, Nirondelle, Nanméouïe, Neitram, Nidoran♂, Nosferapti, Nidoqueen, Nénupiot, Négapi, Nigirigon, Nodulithe, Noctunoir, Ninjask, Nidoran♀, Noacier, Noctali, Nidoking, Nigosier, Nidorino, Nymphali, Ningale
66%
O A Oratoria, Ouisticram, Osselait, Ohmassacre, Ossatueur, Oniglali, Otarlette, Oyacata, Otaquin, Olivado, Otaria, Obalie
66%
P N Pingoléon, Prismillon, Pondralugon, Ptyranidur, Poissirène, Pandarbare, Ponyta, Plumeline, Persian, Piclairon, Phanpy, Pyronille, Papilusion, Porygon, Porygon-Z, Pérégrain, Prinplouf, Ponchien, Pêchaminus, Poichigeon, Pierroteknik, Porygon2, Papinox, Phione, Ponchiot, Pandespiègle
66%
R S Rexillius, Ramoloss, Rapasdepic, Rafflésia, Rosélia, Rosabyss, Regigigas, Reshiram, Registeel, Roucoups, Rhinastoc, Rhinoféros, Roussil, Rampe-Ailes, Roserade
66%
V O Volcaropod, Verpom, Vrombotor, Virovent, Vigoroth, Vorastérie, Vrombi, Vortente, Voltoutou, Voltorbe, Volcanion, Virevorreur, Voltali, Vostourno
66%
V T Venipatte, Vrombotor, Vaututrice, Vert-de-Fer, Virovent, Vigoroth, Vorastérie, Vortente, Voltoutou, Victini, Voltorbe, Voltali, Vostourno
66%
Z O Zoroark, Zéroïd, Zekrom, Zeraora, Zorua, Zigzaton, Zébibron
66%
A E Arceus, Aéromite, Apireine, Airmure, Archéodong, Archéduc, Amovénus, Archéomire, Argouste, Arkéapti, Astronelle, Aligatueur, Aéroptéryx, Amassel
65%
C L Clamiral, Cresselia, Ceriflor, Couafarel, Colimucus, Chamallot, Charmillon, Coléodôme, Cancrelove, Crapustule, Cotovol, Corvaillus, Créfollet, Cerbyllin, Coudlangue, Coquiperl, Chétiflor, Clic, Cheniselle, Colossinge, Cliticlic, Croâporal, Colhomard, Chrysapile, Créhelf, Câblifère, Colombeau, Cobaltium, Cléopsytra, Cupcanaille, Crabominable, Charmilly, Crocogril, Coxyclaque, Chelours, Compagnol, Canarbello, Chochodile, Crocrodil, Cabriolaine, Crocorible, Celebi, Chlorobule, Chaglam
65%
C S Caninos, Chovsourir, Cresselia, Colimucus, Crapustule, Corvaillus, Corboss, Cheniselle, Colossinge, Chrysapile, Castorno, Cosmog, Cosmovum, Cléopsytra, Chrysacier, Chelours, Courrousinge, Crustabri, Carapagos, Cerfrousse, Charkos, Chapotus
65%
D F Dofin, Déflaisan, Dracaufeu
65%
D G Dragmara, Dialga, Debugant, Dogrino, Duralugon, Dinglu, Dardargnan
65%
D I Déflaisan, Darkrai, Draïeul, Dispareptil, Dratatin, Diamat, Délestin, Dimoclès, Drakkarmin, Dialga, Diancie, Denticrisse, Dimoret, Desséliande, Dodrio, Dofin, Dinoclier, Dogrino, Dinglu
65%
E A Escargaume, Excavarenne, Écaïd, Écrapince, Élekable, Écayon, Emolga, Éthernatos, Excelangue, Ectoplasma, Engloutyran, Étouraptor, Ékaïser, Exagide
65%
E I Élekid, Empiflor, Écaïd, Écrapince, Élecsprint, Évoli, Étourmi, Ékaïser, Épine-de-Fer, Entei, Exagide
65%
G D Galekid, Grodoudou, Groudon, Grindur, Guérilande, Grodrive, Grondogue, Glaivodo, Gardevoir, Grotadmorv, Garde-de-Fer
65%
M C Majaspic, Mackogneur, Mélancolux, Mouscoto, Monthracite, Miascarade, Marcacrin, Muplodocus, Muciole, Macronium, Mascaïman, Machoc, Magicarpe, Minidraco, Mucuscule, Mammochon, Machopeur, Maracachi
65%
M T Melmetal, Matourgeon, Minotaupe, Meloetta, Mystherbe, Mustébouée, Motisma, Matoufeu, Mygavolt, Manternel, Mimantis, Mite-de-Fer, Mistigrix, Monthracite, Meltan, Moumouton, Mimitoss, Magnéton, Mouscoto, Métang, Métamorph, Monaflèmit, Mentali, Mustéflott, Moufouette, Mastouffe, Makuhita, Magnéti, M. Glaquette, Métalosse, Mateloutre, Motorizard, Mewtwo, Moustillon, Méditikka, Météno, Manglouton, Momartik, Maraiste
65%
N O Nosferalto, Nidorina, Némélios, Nirondelle, Necrozma, Nanméouïe, Nostenfer, Nidoran♂, Nosferapti, Nidoqueen, Nœunœuf, Nénupiot, Nigirigon, Nodulithe, Noctunoir, Nounourson, Noadkoko, Nidoran♀, Noacier, Noctali, Nucléos, Noarfang, Nidoking, Nigosier, Nidorino
65%
O R Oratoria, Ortide, Ouisticram, Ohmassacre, Octillery, Ossatueur, Otarlette, Ouvrifier, Ogerpon, Otaria, Opermine
65%
O T Oratoria, Ortide, Ouisticram, Osselait, Octillery, Ossatueur, Otarlette, Ouistempo, Oyacata, Otaquin, Otaria
65%
R T Rocabot, Reptincel, Registeel, Rozbouton, Rattatac, Relicanth, Rototaupe, Rhinastoc, Rugit-Lune, Roitiflam, Ratentif, Rattata
65%
S H Salamèche, Solochi, Scarhino, Shifours, Shaymin, Shaofouine, Sharpedo
65%
S U Sorbouboul, Sarmuraï, Saquedeneu, Shaofouine, Sablaireau, Sorboul, Sulfura, Sapereau, Shifours, Scarabrute, Scrutella, Sovkipou, Snubbull, Serpente-Eau, Sucroquin, Suicune, Scalpereur, Simularbre, Spectrum, Selutin, Superdofin, Sucreine
65%
T E Toutombe, Tissenboule, Tutétékri, Tutafeh, Tarenbulle, Togetic, Tapatoès, Têtampoule, Trousselin, Togepi, Trépassable, Têtarte, Triopikeur, Téraclope, Teddiursa, Tarinorme, Triopikeau, Tentacool, Têtes-de-Fer, Tritonde, Théffroi, Terhal, Torterra, Tiboudet, Terraiste, Type:0, Togekiss, Tutankafer, Théffroyable, Tengalice, Togedemaru, Tentacruel, Terapagos, Terracool, Tournegrin, Trioxhydre, Taupikeau, Taupiqueur, Ténéfix, Tomberro, Terracruel, Terrakium
65%
V L Volcaropod, Vipélierre, Volcanion, Voltoutou, Voltorbe, Vacilys, Venalgue, Voltali, Vivaldaim
65%
Z I Zéroïd, Zacian, Zarbi, Zigzaton, Zéblitz, Zébibron
65%
D S Denticrisse, Desséliande, Déflaisan, Deoxys, Drackhaus, Dispareptil, Drascore, Deusolourdo, Démolosse, Dracolosse, Dimoclès, Démétéros, Délestin
64%
L U Loupio, Luminéon, Lucanon, Lumivole, Lézargus, Lanturn, Lugulabre, Lunala, Larvibule, Léboulérou, Lippoutou, Luxio, Lugia, Lucario, Lippouti, Léopardus, Ludicolo, Leuphorie, Lougaroc, Luxray
64%
M S Migalos, Marisson, Méios, Mystherbe, Malosse, Mustébouée, Motisma, Miasmax, Muplodocus, Mimantis, Mesmérella, Mistigrix, Miaouss, Massko, Mimitoss, Mouscoto, Miascarade, Milobellus, Mustéflott, Minisange, Miamiasme, Mascaïman, Mastouffe, Mucuscule, Majaspic, Mysdibule, Maskadra, Métalosse, Mushana, Moustillon, Mégapagos, Marshadow, Maraiste
64%
M U Mackogneur, Matourgeon, Minotaupe, Mustébouée, Méganium, Matoufeu, Muplodocus, Miaouss, Moumouton, Moumouflon, Machopeur, Mouscoto, Mordudor, Milobellus, Muciole, Macronium, Moufouette, Mustéflott, Munja, Moufflair, Mastouffe, Makuhita, Mucuscule, Munna, M. Glaquette, Mysdibule, Mélancolux, Mushana, Mateloutre, Mimiqui, Moustillon, Manglouton
64%
V I Venipatte, Vipélierre, Viskuse, Vémini, Vaututrice, Virovent, Vigoroth, Volcanion, Vorastérie, Vrombi, Vibraninf, Victini, Vacilys, Virevorreur, Voltali, Vivaldaim, Viridium
64%
D N Dunaja, Déflaisan, Donphan, Debugant, Dratatin, Duralugon, Dunaconda, Délestin, Démanta, Darumarond, Drakkarmin, Dardargnan, Dedenne, Dolman, Diancie, Denticrisse, Desséliande, Dofin, Dinoclier, Dogrino, Dynavolt, Dinglu
63%
P T Pohmotte, Ptyranidur, Ptiravi, Ponyta, Psystigri, Pyrobut, Pâtachiot, Poltchageist, Parasect, Ptitard, Pohmarmotte, Pierroteknik, Prédastérie, Pitrouille, Polthégeist, Ponchiot, Pimito, Ptéra, Palarticho, Picassaut, Piétacé
63%
P Y Pyrax, Porygon2, Psykokwak, Poissoroy, Psystigri, Pachyradjah, Phyllali, Phanpy, Pyroli, Pyronille, Pyrobut, Ptyranidur, Porygon, Porygon-Z, Ponyta
63%
A Z Arrozard, Azurill, Alakazam, Azumarill
62%
B T Boustiflor, Blancoton, Bastiodon, Brutalibré, Banshitrouye, Boumata, Bargantua, Batracné, Brutapode, Bibichut, Branette, Babimanta, Berserkatt, Bétochef, Balbuto
62%
L N Lançargot, Lakmécygne, Limonde, Luminéon, Lucanon, Larméléon, Lockpin, Lainergie, Lanturn, Lunala, Lampignon, Libégon, Laggron, Leveinard, Lanssorien, Linéon, Lianaja, Lamantine, Lépidonille
62%
N E Nodulithe, Noacier, Nosferalto, Nostenfer, Nucléos, Neitram, Némélios, Nosferapti, Nirondelle, Nidoqueen, Nœunœuf, Nanméouïe, Necrozma, Nénupiot, Nigosier, Ningale, Négapi
62%
O E Ortide, Osselait, Octillery, Ossatueur, Okéoké, Ohmassacre, Otarlette, Ouistempo, Ouvrifier, Ogerpon, Obalie, Opermine
62%
P S Psykokwak, Prismillon, Pachirisu, Pashmilla, Poissirène, Poussacha, Paras, Persian, Psystigri, Papilusion, Pelage-Sablé, Poltchageist, Parasect, Poissoroy, Pêchaminus, Prédastérie, Poussifeu, Polthégeist, Posipi, Passerouge, Picassaut, Pandespiègle
62%
R P Rapasdepic, Rapion, Reptincel, Roucoups, Rototaupe, Rampe-Ailes
62%
V R Volcaropod, Vipélierre, Verpom, Vrombotor, Vaututrice, Vert-de-Fer, Virovent, Vigoroth, Vorastérie, Vrombi, Vortente, Vibraninf, Vostourno, Virevorreur, Voltorbe, Viridium
62%
Y Y Ymphect, Yanma, Yuyu, Yveltal, Yanmega
62%
G T Griknot, Gaulet, Grillepattes, Grainipiot, Gloupti, Géolithe, Groret, Gouroutan, Genesect, Gamblast, Gourmelet, Grotichon, Germéclat, Giratina, Golgopathe, Gorythmic, Golemastoc, Gigalithe, Grotadmorv
61%
G V Galvagla, Granivol, Galvaran, Grodrive, Gravalanch, Glaivodo, Gardevoir, Givrali, Grotadmorv, Galvagon
61%
T L Tissenboule, Terracool, Téraclope, Tiplouf, Trépassable, Tylton, Théffroyable, Têtampoule, Tentacool, Tarenbulle, Tengalice, Trousselin, Terhal, Tentacruel, Terracruel, Tarsal, Typhlosion
61%
F S Frison, Fulguris, Flingouste, Férosinge, Frissonille, Fantominus, Favianos, Fortusimia, Florges, Flambusard, Fongus-Furie, Félicanis, Feurisson, Floramantis, Flagadoss, Froussardine, Foretress
60%
H O Hotte-de-Fer, Hélionceau, Hippodocus, Hypocéan, Hippopotas, Hydragon, Hypotrempe, Hoothoot, Hyporoi, Hypnomade, Ho-Oh, Hoopa, Hexadron, Héliatronc
60%
M L Melmetal, Migalos, Meloetta, Malosse, Mélo, Mygavolt, Manternel, Muplodocus, Mesmérella, Malamandre, Mimigal, Meltan, Moumouflon, Malvalame, Mélofée, Monorpale, Milobellus, Mélodelfe, Muciole, Monaflèmit, Mustéflott, Mentali, Moufflair, Mucuscule, M. Glaquette, Mysdibule, Métalosse, Mélancolux, Mandrillon, Mateloutre, Marill, Mélokrik, Moustillon, Manglouton
60%
M P Majaspic, Monorpale, Minotaupe, Muplodocus, Manaphy, Métamorph, Morpeko, Magicarpe, Mégapagos, Machopeur, Morphéo
60%
X A Xerneas, Xatu
60%
X X Xerneas, Xatu
60%
Y E Ymphect, Yveltal, Yanmega
60%
E P Empiflor, Écrapince, Élecsprint, Ectoplasma, Étouraptor, Épine-de-Fer
59%
G M Gallame, Gringolem, Gromago, Gambex, Germéclat, Grimalin, Germignon, Grolem, Gamblast, Gorythmic, Golemastoc, Grotadmorv, Gourmelet
59%
L T Latios, Latias, Larveyette, Lançargot, Lilliterelle, Lamantine, Lippouti, Lestombaile, Lippoutou, Lanturn, Léviator
59%
M H Mushana, Monthracite, Mystherbe, Métamorph, Medhyèna, Manaphy, Morphéo, Machoc, Makuhita, Marshadow, Mammochon, Machopeur, Maracachi
59%
N T Noctunoir, Nodulithe, Nosferalto, Noctali, Nostenfer, Neitram, Nosferapti, Nénupiot, Natu
59%
T P Tortipouss, Tokopiyon, Têtampoule, Tapatoès, Trompignon, Trépassable, Tarpaud, Togepi, Triopikeur, Téraclope, Triopikeau, Tokopisco, Type:0, Terapagos, Tropius, Typhlosion, Tiplouf, Taupikeau, Taupiqueur, Toxizap
59%
V E Venipatte, Vipélierre, Vémini, Verpom, Vaututrice, Vert-de-Fer, Virovent, Vorastérie, Virevorreur, Vortente, Viskuse, Venalgue, Voltorbe
59%
Y A Yveltal, Yanma, Yanmega
59%
Y T Ymphect, Yveltal
59%
E M Escargaume, Empiflor, Embrylex, Emolga, Embrochet, Étourmi, Ectoplasma, Écrémeuh
58%
F T Flingouste, Fantyrm, Fort-Ivoire, Feu-Perçant, Feuiloutan, Forgerette, Floramantis, Fortusimia, Farfuret, Foretress, Flotajou, Floréclat, Fouinette, Flotoutan, Flamoutan, Fantominus, Flâmigator, Fermite, Filentrappe, Flotte-Mèche, Fluvetin, Farfaduvet, Ferdeter, Flotillon, Floette
58%
K U Kabutops, Kangourex, Kungfouine, Kaiminus, Keunotor, Kabuto, Kyurem
58%
N U Noctunoir, Nodulithe, Nucléos, Nidoqueen, Nœunœuf, Nanméouïe, Nénupiot, Natu, Nounourson
58%
O S Ouisticram, Ohmassacre, Osselait, Ossatueur, Ouistempo
58%
A D Arakdo, Artikodin, Armaldo, Ampibidou, Archéodong, Arrozard, Archéduc
57%
B N Baojian, Brindibou, Banshitrouye, Bourrinos, Briochien, Bargantua, Batracné, Branette, Babimanta, Bruyverne, Badabouin, Bouldeneu, Blindépique, Baggiguane, Bekipan, Bazoucan, Braisillon, Beldeneige, Bekaglaçon, Blancoton, Bastiodon, Balignon, Blindalys
57%
B S Bleuseille, Boustiflor, Bamboiselle, Boréas, Bastiodon, Banshitrouye, Boguérisse, Bourrinos, Braségali, Boskara, Bérasca, Berserkatt, Blindalys, Braisillon
57%
E S Escargaume, Élecsprint, Éthernatos, Ectoplasma, Ékaïser, Escroco
57%
H N Hélionceau, Hypocéan, Hydragon, Heatran, Hypnomade, Héricendre, Hexadron, Héliatronc
57%
I I Ixon, Ire-Foudre, Insécateur, Incisache, Iguolta, Insolourdo
57%
N R Nigirigon, Nidoran♀, Nosferalto, Noacier, Nostenfer, Nidorina, Nidoran♂, Noarfang, Nosferapti, Neitram, Nirondelle, Necrozma, Nigosier, Noctunoir, Nidorino, Nounourson
57%
S O Solochi, Sorbouboul, Sylveroy, Smogo, Scarhino, Shaofouine, Sorboul, Solaroc, Spiritomb, Sancoki, Scalpion, Smogogo, Symbios, Scorvol, Sepiatroce, Scalproie, Shifours, Scovilain, Sonistrelle, Spododo, Sovkipou, Sucroquin, Sorbébé, Solgaleo, Scolocendre, Scobolide, Scorplane, Séléroc, Skelénox, Sepiatop, Staross, Sorcilence, Superdofin, Soporifik, Spoink, Sharpedo
57%
S T Sabelette, Strassie, Statitik, Spiritomb, Steelix, Skitty, Sepiatroce, Scarabrute, Scrutella, Stalgamin, Sonistrelle, Serpente-Eau, Spectreval, Sepiatop, Staross, Spectrum, Stari, Selutin, Sinistrail
57%
C Y Coxyclaque, Cryodo, Chrysacier, Chrysapile, Corayôme, Cerbyllin, Cizayox, Crèmy, Corayon, Coxy, Cléopsytra, Cryptéro, Charmilly
56%
K N Kecleon, Koraidon, Kaorine, Kangourex, Kraknoix, Korillon, Kungfouine, Kranidos, Kaiminus, Keunotor
56%
L G Lampignon, Lançargot, Lougaroc, Lakmécygne, Lugia, Libégon, Lézargus, Laggron, Lainergie, Lugulabre, Limagma
56%
R G Roucarnage, Regigigas, Rongrigou, Registeel, Regice, Regieleki, Regirock, Rugit-Lune, Roigada, Regidrago, Rongourmand
56%
S B Sabelette, Simularbre, Sorbouboul, Snubbull, Symbios, Sorbébé, Scobolide, Sablaireau, Simiabraz, Sorboul, Scarabrute, Spiritomb
56%
T S Tritosor, Tissenboule, Tauros, Terraiste, Teddiursa, Tortipouss, Tokopisco, Togekiss, Tarsal, Tapatoès, Têtes-de-Fer, Trousselin, Trépassable, Terapagos, Tropius, Typhlosion
56%
V A Venipatte, Volcaropod, Vaututrice, Volcanion, Vorastérie, Vibraninf, Vacilys, Venalgue, Voltali, Vivaldaim
56%
Z G Zigzaton, Zygarde
56%
B D Bastiodon, Brindibou, Badabouin, Bouldeneu, Bombydou, Brutapode, Blindépique, Baggaïd, Blindalys, Baudrive, Beldeneige
55%
C M Clamiral, Colimucus, Chamallot, Charmillon, Chimpenfeu, Crèmy, Coléodôme, Chuchmur, Charbambin, Colhomard, Cosmog, Cosmovum, Colombeau, Cobaltium, Crabominable, Charmilly, Concombaffe, Capumain, Camérupt, Compagnol, Corayôme, Carmadura, Carmache, Charmina, Chevroum, Chaglam
55%
E H Éthernatos, Embrochet, Électhor, Efflèche, Écrémeuh
55%
F M Flamajou, Famignol, Fantyrm, Fantominus, Fortusimia, Flamenroule, Flâmigator, Fermite, Flambusard, Flamiaou, Floramantis, Flambino, Flotte-Mèche, Flamoutan
55%
H D Hotte-de-Fer, Hippodocus, Haydaim, Héricendre, Hydragon, Hypnomade, Hélédelle, Hastacuda, Hydragla, Hexadron
55%
I A Insécateur, Incisache, Iguolta
55%
J J Joliflor, Judokrak, Jungko, Jirachi
55%
K G Kyogre, Katagami, Kungfouine, Kangourex
55%
K I Kaimorse, Katagami, Koraidon, Kirlia, Kaorine, Kraknoix, Korillon, Kungfouine, Kranidos, Kicklee, Kaiminus, Kokiyas
55%
M D Malamandre, Mysdibule, Maskadra, Miradar, Mandrillon, Miascarade, Motorizard, Mordudor, Miraidon, Mélodelfe, Medhyèna, Méditikka, Minidraco, Marshadow, Muplodocus, Mite-de-Fer, Moyade
55%
N L Nodulithe, Nosferalto, Noctali, Nucléos, Némélios, Nirondelle, Nymphali, Ningale
55%
R H Raichu, Relicanth, Rhinastoc, Rhinoféros, Rhinocorne, Reshiram, Rhinolove
55%
T D Tiboudet, Torgamord, Teddiursa, Trioxhydre, Togedemaru, Toudoudou, Têtes-de-Fer, Tritonde, Tarpaud, Tartard, Tranchodon, Tadmorv
55%
Z B Zéblitz, Zébibron, Zarbi
55%
Z D Zéroïd, Zarude, Zygarde
55%
Z T Zigzaton, Zéblitz, Zamazenta, Zapétrel
55%
I U Insécateur, Ire-Foudre, Insolourdo, Iguolta
54%
O N Oniglali, Onix, Olivini, Otaquin, Ogerpon, Opermine
54%
P G Pandespiègle, Phogleur, Porygon2, Pingoléon, Pérégrain, Poltchageist, Psystigri, Pondralugon, Polthégeist, Paragruel, Passerouge, Polagriffe, Pelage-Sablé, Porygon, Porygon-Z, Poichigeon
54%
Y L Yveltal
54%
Y V Yveltal
54%
Z N Zigzaton, Zamazenta, Zacian, Zébibron
54%
D T Denticrisse, Dimoret, Dispareptil, Delcatty, Drattak, Debugant, Doudouvet, Dratatin, Dynavolt, Démétéros, Diamat, Délestin, Démanta
53%
E N Excavarenne, Écrapince, Élecsprint, Écayon, Éthernatos, Excelangue, Engloutyran, Épine-de-Fer, Entei
53%
S N Salarsen, Scarhino, Saquedeneu, Shaymin, Shaofouine, Sancoki, Scalpion, Scovilain, Serpang, Stalgamin, Sonistrelle, Snubbull, Serpente-Eau, Sucroquin, Scolocendre, Suicune, Spinda, Scorplane, Skelénox, Sorcilence, Selutin, Superdofin, Sinistrail, Spoink, Sucreine
53%
X E Xerneas
53%
X N Xerneas
53%
X R Xerneas
53%
X S Xerneas
53%
H C Hachécateur, Hélionceau, Hippodocus, Hypocéan, Héricendre, Hastacuda, Héliatronc
52%
I T Insécateur, Iguolta
52%
K Y Kyogre, Kokiyas, Kyurem, Krabby
52%
N D Nodulithe, Nidoran♀, Nidorina, Nidoran♂, Nidoking, Nirondelle, Nidoqueen, Nidorino, Noadkoko
52%
Q Q Queulorior, Qulbutoké, Qwilfish, Quartermac, Qwilpik
52%
W A Wattapik, Wattouat, Wailmer, Wagomine, Wailord
52%
W W Wattapik, Wattouat, Wimessir, Wushours, Wailmer, Wagomine, Wailord
52%
Z Y Zygarde
52%
A H Amphinobi, Angoliath, Archéodong, Archéomire, Anorith, Anchwatt, Archéduc
51%
B C Barbicha, Bébécaille, Barloche, Bekaglaçon, Blancoton, Bacabouh, Bibichut, Batracné, Briochien, Bazoucan, Bérasca, Bétochef, Brocélôme
51%
F Z Florizarre
51%
J R Joliflor, Jirachi, Judokrak
51%
K B Kadabra, Kabutops, Krabby, Krabboss, Kabuto
51%
N G Nigirigon, Noarfang, Nidoking, Nigosier, Ningale, Négapi
51%
O C Ouisticram, Oyacata, Ohmassacre, Octillery
51%
H T Hotte-de-Fer, Hachécateur, Hippopotas, Hypotrempe, Hoothoot, Heatran, Hastacuda, Héliatronc
50%
L P Lampéroie, Lampignon, Loupio, Laporeille, Lippouti, Lockpin, Limaspeed, Lippoutou, Léopardus, Lépidonille, Lapyro, Leuphorie
50%
L V Larveyette, Leveinard, Larvadar, Lumivole, Lovdisc, Larvibule, Léviator
50%
N P Nosferapti, Nénupiot, Nymphali, Négapi
50%
O U Ouisticram, Ossatueur, Ouistempo, Ouvrifier, Otaquin
50%
S P Séviper, Spoink, Sapereau, Spiritomb, Scalpion, Sepiatroce, Serpang, Spododo, Sovkipou, Serpente-Eau, Spinda, Scorplane, Spectreval, Scalpereur, Sepiatop, Spectrum, Superdofin, Soporifik, Scalproie, Sharpedo
50%
D M Dimoret, Darumacho, Dragmara, Darumarond, Démolosse, Dolman, Dimoclès, Démétéros, Diamat, Drakkarmin, Démanta
49%
H B Herbizarre
49%
H Z Herbizarre
49%
K S Kabutops, Kaimorse, Krakos, Krabboss, Kranidos, Kaiminus, Kokiyas
49%
M F Mélofée, Mélodelfe, Monaflèmit, Mustéflott, Moufouette, Matoufeu, Moufflair, Mastouffe, Moumouflon, Mangriff, Mite-de-Fer
49%
M W Marshadow, Mewtwo, Mew
49%
Q L Qwilpik, Queulorior, Qulbutoké, Qwilfish
49%
R F Rafflésia, Ronflex, Roue-de-Fer, Roc-de-Fer, Rhinoféros, Roitiflam, Ratentif
49%
T Y Trioxhydre, Tygnon, Type:0, Tylton, Théffroyable, Tokopiyon, Tyranocif, Typhlosion
49%
W O Wushours, Wailord, Wattouat, Wagomine
49%
C D Capidextre, Créfadet, Cradopaud, Coudlangue, Cryodo, Cadoizo, Colhomard, Couverdure, Chef-de-Fer, Carmadura, Candine, Chochodile, Coléodôme, Crocrodil, Chinchidou
48%
G P Goupelin, Golgopathe, Grillepattes, Galopa, Goupix, Goupilou, Gloupti, Grainipiot
48%
J I Joliflor, Jirachi
48%
K D Kadabra, Kranidos, Koraidon, Keldeo
48%
K L Kecleon, Kirlia, Korillon, Keldeo, Khélocrok, Karaclée, Kicklee
48%
N C Noacier, Noctali, Nucléos, Necrozma, Noctunoir
48%
O M Ouistempo, Ouisticram, Ohmassacre, Opermine
48%
P F Prinplouf, Poussifeu, Pifeuil, Piafabec, Polagriffe, Poulpaf, Paume-de-Fer
48%
R D Rapasdepic, Roublenard, Rondoudou, Roue-de-Fer, Roc-de-Fer, Roigada, Regidrago, Rémoraid, Roserade, Rongourmand
48%
R M Ramoloss, Ramboum, Rampe-Ailes, Roitiflam, Rémoraid, Reshiram, Rubombelle, Rongourmand
48%
F G Fulgulairo, Forgella, Fulguris, Flingouste, Férosinge, Furaiglon, Famignol, Forgelina, Frigodo, Flâmigator, Florges, Forgerette, Farigiraf, Fongus-Furie, Fragilady, Fragroin, Flagadoss, Fulgudog
47%
L C Lançargot, Lougaroc, Lakmécygne, Lucario, Lucanon, Lockpin, Lovdisc, Ludicolo
47%
N M Némélios, Neitram, Necrozma, Nanméouïe, Nymphali
47%
O L Osselait, Octillery, Oniglali, Otarlette, Olivini, Olivado, Obalie
47%
Q E Quartermac, Queulorior, Qulbutoké
47%
Q U Quartermac, Queulorior, Qulbutoké
47%
T M Toutombe, Torgamord, Tarinorme, Têtampoule, Trompignon, Togedemaru, Tomberro, Tadmorv, Terrakium
47%
V N Venipatte, Vémini, Virovent, Vortente, Vibraninf, Victini, Volcanion, Venalgue, Vostourno
47%
L S Latios, Latias, Lézargus, Limaspeed, Lestombaile, Léopardus, Lovdisc, Lanssorien, Lokhlass, Lewsor
46%
P D Pomdramour, Pomdepik, Ptitard, Papilord, Prédastérie, Pachyradjah, Pondralugon, Pomdrapi, Paume-de-Fer, Pomdorochi, Ptyranidur, Pandarbare, Pandespiègle
46%
A Q Araqua, Aquali
45%
B G Baggiguane, Baggaïd, Bekaglaçon, Boguérisse, Bargantua, Braségali, Balignon, Beldeneige
45%
E U Escargaume, Étourvol, Excelangue, Étourmi, Engloutyran, Étouraptor, Écrémeuh
45%
E V Étourvol, Évoli, Excavarenne
45%
H L Hélionceau, Hurle-Queue, Hélédelle, Hydragla, Hexagel, Héliatronc
45%
L M Lampéroie, Lampignon, Lakmécygne, Limonde, Lombre, Luminéon, Lamantine, Lumivole, Larméléon, Limaspeed, Lestombaile, Limagma
45%
M Y Mysdibule, Magby, Mystherbe, Manaphy, Medhyèna, Mygavolt, Moyade
45%
N K Nidoking, Ninjask, Noadkoko
45%
T C Tokorico, Tournicoton, Terracool, Tokopisco, Tentacool, Togetic, Tengalice, Tyranocif, Tranchodon, Tentacruel, Terracruel, Téraclope, Tic
45%
Z K Zoroark, Zekrom
45%
A G Amagara, Angoliath, Archéodong, Argouste, Aligatueur
44%
E D Écaïd, Électrode, Épine-de-Fer, Élekid, Exagide
44%
F D Farfaduvet, Frigodo, Feunard, Ferdeter, Flambusard, Fragilady, Flagadoss, Fulgudog, Froussardine
44%
G C Grotichon, Genesect, Germéclat, Gravalanch, Gorythmic, Golemastoc, Grelaçon
44%
I N Ixon, Insécateur, Insolourdo, Incisache
44%
M K Mackogneur, Maskadra, Massko, Mélokrik, Morpeko, Makuhita, Méditikka, Momartik
44%
Q I Queulorior, Qwilpik, Qwilfish
44%
S F Shifours, Superdofin, Soporifik, Shaofouine, Sulfura
44%
V B Vrombi, Vrombotor, Voltorbe, Vibraninf
44%
B H Barbicha, Barloche, Banshitrouye, Bacabouh, Bibichut, Briochien, Brouhabam, Bétochef
43%
G F Goinfrex, Galifeu, Girafarig, Garde-de-Fer
43%
G H Géolithe, Grotichon, Golgopathe, Gravalanch, Gorythmic, Gigalithe, Grahyèna
43%
H Y Hariyama, Hypocéan, Haydaim, Hydragon, Hypotrempe, Hyporoi, Hypnomade, Hydragla
43%
J A Jirachi, Judokrak
43%
J O Joliflor, Jungko, Judokrak
43%
M B Mysdibule, Magby, Milobellus, Mystherbe, Mustébouée, Mamanbo
43%
P M Plumeline, Pohm, Pohmotte, Pomdramour, Pomdepik, Pohmarmotte, Polarhume, Prismillon, Pimito, Pêchaminus, Pomdrapi, Pomdorochi, Palmaval, Polichombr, Pashmilla, Pharamp, Paume-de-Fer
43%
Q O Queulorior, Qulbutoké
43%
T F Tiplouf, Tutankafer, Théffroyable, Tutafeh, Têtes-de-Fer, Tyranocif, Théffroi, Ténéfix
43%
T H Terhal, Trioxhydre, Théffroyable, Tutafeh, Théffroi, Tranchodon, Typhlosion
43%
U A Ursaking, Ursaring
43%
U G Ursaking, Ursaring
43%
U I Ursaking, Ursaring
43%
U N Ursaking, Ursaring
43%
U R Ursaking, Ursaring
43%
U S Ursaking, Ursaring
43%
U U Ursaking, Ursaring
43%
W I Wimessir, Wattapik, Wailmer, Wagomine, Wailord
43%
Z M Zamazenta, Zekrom
43%
C G Crocogril, Coudlangue, Compagnol, Colossinge, Cochignon, Carabing, Courrousinge, Crabagarre, Chongjian, Chaglam, Chapignon, Carapagos, Cosmog
42%
G S Goélise, Gigansel, Genesect, Grenousse, Grillepattes, Gamblast, Golemastoc
42%
I S Insécateur, Insolourdo, Incisache
42%
E K Élektek, Élekable, Éoko, Ékaïser, Élekid
41%
I E Insécateur, Ire-Foudre, Incisache
41%
I R Insécateur, Ire-Foudre, Insolourdo
41%
T G Torgamord, Tournegrin, Tygnon, Togekiss, Tag-Tag, Togetic, Tengalice, Trompignon, Togepi, Togedemaru, Terapagos
41%
D K Drattak, Drakkarmin, Darkrai, Drackhaus
40%
I O Ixon, Ire-Foudre, Insolourdo, Iguolta
40%
K M Katagami, Kaimorse, Kaiminus, Kyurem
40%
N S Ninjask, Nosferalto, Nostenfer, Nucléos, Némélios, Nosferapti, Nigosier, Nounourson
40%
Q R Quartermac, Queulorior
40%
Q T Quartermac, Qulbutoké
40%
V U Vaututrice, Virevorreur, Voltoutou, Vostourno, Viskuse, Venalgue, Viridium
40%
C X Capidextre, Coxyclaque, Coatox, Chaffreux, Cizayox, Coxy
39%
E F Efflèche, Épine-de-Fer, Empiflor
39%
R K Regirock, Raikou, Regieleki
39%
W E Wimessir, Wailmer, Wagomine
39%
W M Wimessir, Wailmer, Wagomine
39%
Z L Zéblitz, Zapétrel
39%
B P Barpau, Blindépique, Brutapode, Bekipan
38%
E G Escargaume, Emolga, Excelangue, Engloutyran, Exagide
38%
I C Insécateur, Incisache
38%
I L Insolourdo, Iguolta
38%
N F Nosferalto, Nostenfer, Noarfang, Nosferapti, Nœunœuf
38%
S G Stalgamin, Smogogo, Smogo, Solgaleo, Serpang
38%
Z U Zarude, Zorua
38%
A W Akwakwak, Anchwatt
37%
A X Axoloto, Aéroptéryx
37%
D Y Draby, Deoxys, Delcatty, Dynavolt
37%
G K Gruikui, Galeking, Griknot, Galekid
37%
H M Hypotrempe, Haydaim, Hypnomade, Hariyama
37%
J C Jirachi
37%
J H Jirachi
37%
L D Leveinard, Limonde, Larvadar, Limaspeed, Léopardus, Lovdisc, Lépidonille, Ludicolo
37%
P B Pyrobut, Polichombr, Piafabec, Pelage-Sablé, Pandarbare
37%
V C Volcaropod, Vaututrice, Volcanion, Victini, Vacilys
37%
V M Vémini, Verpom, Vrombi, Vrombotor, Vivaldaim, Viridium
37%
W R Wailord, Wimessir, Wailmer, Wushours
37%
W T Wattapik, Wattouat
37%
C Z Crikzik, Cizayox, Cadoizo
36%
F B Fourbelin, Flobio, Flabébé, Flambusard, Flambino
36%
Q K Qwilpik, Qulbutoké
36%
R Y Rosabyss, Rayquaza
36%
R Z Rozbouton, Rayquaza
36%
B F Boustiflor, Bétochef
35%
E X Embrylex, Excavarenne, Exagide, Excelangue
35%
F C Floréclat, Feunnec, Feu-Perçant, Félicanis, Funécire, Flotte-Mèche
35%
F V Farfaduvet, Fort-Ivoire, Feuforêve, Favianos, Floravol, Fluvetin
35%
G B Gambex, Gribouraigne, Granbull, Gobou, Gamblast
35%
H P Hippodocus, Hypocéan, Hippopotas, Hypotrempe, Hyporoi, Hypnomade, Hoopa
35%
I G Iguolta
35%
J K Jungko, Judokrak
35%
J U Jungko, Judokrak
35%
K C Kecleon, Khélocrok, Karaclée, Kicklee, Kravarech
35%
K T Kabutops, Katagami, Keunotor, Kabuto
35%
M J Majaspic, Munja, Mime Jr.
35%
N H Nymphali, Nodulithe
35%
W U Wattouat, Wushours
35%
X T Xatu
35%
X U Xatu
35%
Y M Ymphect, Yanma, Yanmega
35%
C V Chovsourir, Corvaillus, Cosmovum, Couverdure, Carvanha, Chevroum, Cancrelove, Cotovol
34%
E B Embrylex, Élekable, Embrochet
34%
L B Léboulérou, Lombre, Libégon, Lestombaile, Lugulabre, Larvibule
34%
L K Lokhlass, Lakmécygne, Lockpin
34%
Q B Qulbutoké
34%
W L Wailord, Wailmer
34%
B K Berserkatt, Boskara, Bekaglaçon, Bekipan
33%
L Y Larveyette, Lakmécygne, Luxray, Lixy, Lapyro
33%
Q F Qwilfish
33%
Q H Qwilfish
33%
Q S Qwilfish
33%
Q W Qwilpik, Qwilfish
33%
R Q Rayquaza
33%
V D Volcaropod, Vert-de-Fer, Vivaldaim, Viridium
33%
W D Wailord
33%
C K Carchacrok, Charkos, Crikzik
32%
D B Debugant, Draby
32%
K X Kangourex, Kraknoix
32%
S Y Symbios, Sylveroy, Skitty, Shaymin
32%
U K Ursaking
32%
A F Aflamanoir
31%
A V Arboliva, Avaltout, Amovénus
31%
B M Bamboiselle, Boumata, Bombydou, Brouhabam, Babimanta, Brocélôme
31%
E Y Embrylex, Écayon, Engloutyran
31%
G X Goupix, Goinfrex, Gambex
31%
N Q Nidoqueen
31%
R X Rexillius, Ronflex
31%
N Y Nymphali
30%
S D Spododo, Scolocendre, Spinda, Scobolide, Superdofin, Saquedeneu, Sidérella, Sharpedo
30%
S Z Simiabraz
30%
O X Onix
29%
Z C Zacian
29%
D H Darumacho, Donphan, Drackhaus
28%
D X Deoxys
28%
L H Lokhlass, Leuphorie
28%
O G Ogerpon, Oniglali
28%
S K Sancoki, Sovkipou, Statitik, Skitty, Soporifik, Spoink, Skelénox
28%
Y G Yanmega
28%
Y N Yanma, Yanmega
28%
A Y Armulys, Aéroptéryx
27%
H U Hachécateur, Hélionceau, Hippodocus, Hurle-Queue, Hastacuda
27%
J F Joliflor
27%
J L Joliflor
27%
O P Ouistempo, Ogerpon, Opermine
27%
S V Silvallié, Sylveroy, Sovkipou, Scorvol, Scovilain, Séviper, Spectreval
27%
V P Venipatte, Volcaropod, Vipélierre, Verpom
27%
V S Viskuse, Vostourno, Vacilys, Vorastérie
27%
K P Kabutops, Kapoera
26%
M V Malvalame, Mygavolt, Magirêve
26%
O B Obalie
26%
O H Ohmassacre
26%
P X Pyrax, Papinox
26%
Q A Quartermac
26%
Q C Quartermac
26%
Q M Quartermac
26%
R B Rosabyss, Rocabot, Roublenard, Rozbouton, Ramboum, Rubombelle
26%
T X Ténéfix, Tritox, Toxizap, Trioxhydre
26%
B Y Bombydou, Blindalys, Banshitrouye, Bruyverne
25%
C Q Coxyclaque, Coquiperl, Crabaraque, Croquine, Crabicoque
25%
J G Jungko
25%
J N Jungko
25%
M Z Motorizard, Magnézone, Manzaï
25%
B V Blizzeval, Baudrive, Bruyverne
24%
F J Feuillajou, Flamajou, Flotajou
24%
I D Ire-Foudre, Insolourdo
24%
S X Steelix, Skelénox
24%
Y C Ymphect
24%
Y H Ymphect
24%
Y P Ymphect
24%
D V Doudouvet, Dynavolt
23%
G Y Gorythmic, Grahyèna
23%
O Y Oyacata, Octillery
23%
P J Pachyradjah, Pijako
23%
T V Tadmorv
23%
L X Lixy, Luxio, Luxray
22%
O K Okéoké
21%
P W Psykokwak
21%
T B Toutombe, Tiboudet, Tissenboule, Théffroyable, Tarenbulle, Trépassable, Tomberro
21%
T Q Taupiqueur
21%
D P Dispareptil, Donphan
20%
O D Olivado, Ortide
20%
S Q Sucroquin, Saquedeneu
20%
W K Wattapik
20%
W P Wattapik
20%
M X Miasmax, Mistigrix, Mélancolux
19%
W G Wagomine
19%
W N Wagomine
19%
B J Baojian
18%
H G Hydragla, Hexagel, Hydragon
18%
J D Judokrak
18%
Y U Yuyu
18%
N Z Necrozma
17%
H S Hastacuda, Hippopotas, Hippodocus
16%
L J Lianaja
16%
F H Flotte-Mèche
15%
H X Hexadron, Hexagel
15%
I H Incisache
15%
I X Ixon
15%
K H Khélocrok, Kravarech
15%
O Q Otaquin
15%
O V Olivado, Olivini, Ouvrifier
15%
P V Ptiravi, Palmaval
15%
P Z Porygon-Z
15%
Q P Qwilpik
15%
V F Vert-de-Fer, Vibraninf
15%
W S Wimessir, Wushours
15%
Z P Zapétrel
15%
N J Ninjask
14%
V G Venalgue, Vigoroth
14%
C J Chongjian
13%
F P Filentrappe, Feu-Perçant
13%
F Y Fragilady, Fantyrm
13%
I F Ire-Foudre
13%
L Z Lézargus
13%
V Y Vacilys
13%
W H Wushours
13%
B Q Blindépique
12%
H Q Hurle-Queue
12%
M Q Mimiqui, M. Glaquette
12%
F X Farfurex
11%
H F Hotte-de-Fer
11%
K V Kravarech
11%
D J Dunaja
9%
L W Lewsor
9%
O F Ouvrifier
9%
T Z Toxizap
7%
K F Kungfouine
6%
V H Vigoroth
6%
R V Rhinolove
5%
S W Séracrawl
5%
V K Viskuse
5%
Aucun quiz correspondant
Distribution des résultats
% des personnes avec chaque résultat
Percentile par nombre de réponses
Votre historique - résultats
Vous n’avez pas pris ce quiz depuis la dernière actualisation